<?xml version="1.0" encoding="UTF-8"?>
<record
    xmlns:xsi="http://www.w3.org/2001/XMLSchema-instance"
    xsi:schemaLocation="http://www.loc.gov/MARC21/slim http://www.loc.gov/standards/marcxml/schema/MARC21slim.xsd"
    xmlns="http://www.loc.gov/MARC21/slim">

  <leader>01270cas a2200313 i 4500</leader>
  <controlfield tag="001">000037561</controlfield>
  <controlfield tag="003">DO-SdBNP</controlfield>
  <controlfield tag="005">20250721093447.0</controlfield>
  <controlfield tag="007">ta</controlfield>
  <controlfield tag="008">120426c1969    dr ur1p|rd   ||   |0spa d</controlfield>
  <datafield tag="022" ind1=" " ind2=" ">
    <subfield code="a">2737-6621</subfield>
  </datafield>
  <datafield tag="040" ind1=" " ind2=" ">
    <subfield code="a">DO-SdBNP</subfield>
    <subfield code="b">spa</subfield>
    <subfield code="c">BNPHU</subfield>
    <subfield code="e">rda</subfield>
  </datafield>
  <datafield tag="041" ind1=" " ind2=" ">
    <subfield code="h">spa</subfield>
  </datafield>
  <datafield tag="043" ind1=" " ind2=" ">
    <subfield code="a">nwdr</subfield>
  </datafield>
  <datafield tag="110" ind1=" " ind2=" ">
    <subfield code="a">Rep&#xFA;blica Dominicana. Instituto Duartiano</subfield>
    <subfield code="9">87949</subfield>
  </datafield>
  <datafield tag="245" ind1="0" ind2="0">
    <subfield code="a">Bolet&#xED;n del Instituto Duartiano /</subfield>
    <subfield code="c">Instituto Duartiano.</subfield>
  </datafield>
  <datafield tag="264" ind1=" " ind2=" ">
    <subfield code="a">Santo Domingo, Rep&#xFA;blica Dominicana :</subfield>
    <subfield code="b">Instituto Duartiano,</subfield>
    <subfield code="c">1969.</subfield>
  </datafield>
  <datafield tag="300" ind1=" " ind2=" ">
    <subfield code="a">volumen :</subfield>
    <subfield code="b">ilustraciones, fotograf&#xED;as ;</subfield>
    <subfield code="c">23 cm.</subfield>
  </datafield>
  <datafield tag="310" ind1=" " ind2=" ">
    <subfield code="a">Semestral.</subfield>
  </datafield>
  <datafield tag="336" ind1=" " ind2=" ">
    <subfield code="a">texto</subfield>
    <subfield code="b">txt</subfield>
    <subfield code="2">rdacontent</subfield>
  </datafield>
  <datafield tag="337" ind1=" " ind2=" ">
    <subfield code="a">sin mediaci&#xF3;n </subfield>
    <subfield code="b">n</subfield>
    <subfield code="2">rdamedia</subfield>
  </datafield>
  <datafield tag="338" ind1=" " ind2=" ">
    <subfield code="a">volumen</subfield>
    <subfield code="b">nc</subfield>
    <subfield code="2">rdacarrier</subfield>
  </datafield>
  <datafield tag="362" ind1="1" ind2=" ">
    <subfield code="a">A&#xF1;o 1. no. 1 (oct./dic. 1969)</subfield>
  </datafield>
  <datafield tag="500" ind1=" " ind2=" ">
    <subfield code="a">Catalogaci&#xF3;n basada en : A&#xF1;o 1. no. 1 (oct./dic. 1969).</subfield>
  </datafield>
  <datafield tag="520" ind1=" " ind2=" ">
    <subfield code="a">Instituto Duartiano: Es una instituci&#xF3;n patri&#xF3;tica responsable de difundir la vida y la obra del padre de la patria Juan Pablo Duarte y D&#xED;ez, de los pr&#xF3;ceres de la Independencia Nacional y de la Restauraci&#xF3;n.</subfield>
  </datafield>
  <datafield tag="600" ind1="1" ind2="0">
    <subfield code="a">Duarte, Juan Pablo,   </subfield>
    <subfield code="d">1813-1876</subfield>
    <subfield code="9">1494</subfield>
  </datafield>
  <datafield tag="651" ind1=" " ind2="4">
    <subfield code="a">Rep&#xFA;blica Dominicana</subfield>
    <subfield code="x">Historia</subfield>
    <subfield code="y">1844-1930</subfield>
    <subfield code="v">Publicaciones peri&#xF3;dicas</subfield>
    <subfield code="9">64015</subfield>
  </datafield>
  <datafield tag="942" ind1=" " ind2=" ">
    <subfield code="2">ddc</subfield>
    <subfield code="c">ISSUE</subfield>
  </datafield>
  <datafield tag="952" ind1=" " ind2=" ">
    <subfield code="0">0</subfield>
    <subfield code="1">0</subfield>
    <subfield code="2">ddc</subfield>
    <subfield code="4">0</subfield>
    <subfield code="5">6</subfield>
    <subfield code="7">0</subfield>
    <subfield code="8">SE</subfield>
    <subfield code="a">PD</subfield>
    <subfield code="b">PD</subfield>
    <subfield code="d">2015-04-16</subfield>
    <subfield code="h">A&#xF1;o.1: no. 1, (1969)</subfield>
    <subfield code="i">1969103019691030</subfield>
    <subfield code="l">0</subfield>
    <subfield code="p">37561-10</subfield>
    <subfield code="r">2020-08-08</subfield>
    <subfield code="t">e.1</subfield>
    <subfield code="w">2020-08-08</subfield>
    <subfield code="y">ISSUE</subfield>
    <subfield code="z">Edici&#xF3;n especial paisajes de la ciudad de Santo Domingo 5 portadas diferentes.</subfield>
  </datafield>
  <datafield tag="952" ind1=" " ind2=" ">
    <subfield code="0">0</subfield>
    <subfield code="1">0</subfield>
    <subfield code="2">ddc</subfield>
    <subfield code="4">0</subfield>
    <subfield code="5">6</subfield>
    <subfield code="7">0</subfield>
    <subfield code="8">SE</subfield>
    <subfield code="a">BNPHU</subfield>
    <subfield code="b">BNPHU</subfield>
    <subfield code="d">2025-06-16</subfield>
    <subfield code="h">A&#xF1;o.1: no. 1, (1969)</subfield>
    <subfield code="l">0</subfield>
    <subfield code="p">2025-5183</subfield>
    <subfield code="r">2025-06-16</subfield>
    <subfield code="t">e.2</subfield>
    <subfield code="w">2025-06-16</subfield>
    <subfield code="y">ISSUE</subfield>
    <subfield code="z">Edici&#xF3;n especial.</subfield>
  </datafield>
  <datafield tag="952" ind1=" " ind2=" ">
    <subfield code="0">0</subfield>
    <subfield code="1">0</subfield>
    <subfield code="2">ddc</subfield>
    <subfield code="4">0</subfield>
    <subfield code="5">6</subfield>
    <subfield code="7">0</subfield>
    <subfield code="8">SE</subfield>
    <subfield code="a">BNPHU</subfield>
    <subfield code="b">BNPHU</subfield>
    <subfield code="d">2025-06-16</subfield>
    <subfield code="h">A&#xF1;o.1: no. 1, (1969)</subfield>
    <subfield code="l">0</subfield>
    <subfield code="p">2025-5184</subfield>
    <subfield code="r">2025-06-16</subfield>
    <subfield code="t">e.3</subfield>
    <subfield code="w">2025-06-16</subfield>
    <subfield code="y">ISSUE</subfield>
    <subfield code="z">Edici&#xF3;n especial.</subfield>
  </datafield>
  <datafield tag="952" ind1=" " ind2=" ">
    <subfield code="0">0</subfield>
    <subfield code="1">0</subfield>
    <subfield code="2">ddc</subfield>
    <subfield code="4">0</subfield>
    <subfield code="5">6</subfield>
    <subfield code="7">0</subfield>
    <subfield code="8">SE</subfield>
    <subfield code="a">BNPHU</subfield>
    <subfield code="b">BNPHU</subfield>
    <subfield code="d">2025-06-16</subfield>
    <subfield code="h">A&#xF1;o.1: no. 1, (1969)</subfield>
    <subfield code="l">0</subfield>
    <subfield code="p">2025-5185</subfield>
    <subfield code="r">2025-06-16</subfield>
    <subfield code="t">e.4</subfield>
    <subfield code="w">2025-06-16</subfield>
    <subfield code="y">ISSUE</subfield>
    <subfield code="z">Edici&#xF3;n especial.</subfield>
  </datafield>
  <datafield tag="952" ind1=" " ind2=" ">
    <subfield code="0">0</subfield>
    <subfield code="1">0</subfield>
    <subfield code="2">ddc</subfield>
    <subfield code="4">0</subfield>
    <subfield code="5">6</subfield>
    <subfield code="7">0</subfield>
    <subfield code="8">SE</subfield>
    <subfield code="a">BNPHU</subfield>
    <subfield code="b">BNPHU</subfield>
    <subfield code="d">2025-06-16</subfield>
    <subfield code="h">A&#xF1;o.1: no. 2, (octubre/diciembre, 1969)</subfield>
    <subfield code="l">0</subfield>
    <subfield code="p">2025-5186</subfield>
    <subfield code="r">2025-06-16</subfield>
    <subfield code="t">e.1</subfield>
    <subfield code="w">2025-06-16</subfield>
    <subfield code="y">ISSUE</subfield>
    <subfield code="z">Edici&#xF3;n especial.</subfield>
  </datafield>
  <datafield tag="952" ind1=" " ind2=" ">
    <subfield code="0">0</subfield>
    <subfield code="1">0</subfield>
    <subfield code="2">ddc</subfield>
    <subfield code="4">0</subfield>
    <subfield code="5">6</subfield>
    <subfield code="7">0</subfield>
    <subfield code="8">SE</subfield>
    <subfield code="a">BNPHU</subfield>
    <subfield code="b">BNPHU</subfield>
    <subfield code="d">2025-06-16</subfield>
    <subfield code="h">A&#xF1;o.1: no. 2, (octubre/diciembre, 1969)</subfield>
    <subfield code="l">0</subfield>
    <subfield code="p">2025-5187</subfield>
    <subfield code="r">2025-06-16</subfield>
    <subfield code="t">e.2</subfield>
    <subfield code="w">2025-06-16</subfield>
    <subfield code="y">ISSUE</subfield>
    <subfield code="z">Edici&#xF3;n especial.</subfield>
  </datafield>
  <datafield tag="952" ind1=" " ind2=" ">
    <subfield code="0">0</subfield>
    <subfield code="1">0</subfield>
    <subfield code="2">ddc</subfield>
    <subfield code="4">0</subfield>
    <subfield code="5">6</subfield>
    <subfield code="7">0</subfield>
    <subfield code="8">SE</subfield>
    <subfield code="a">BNPHU</subfield>
    <subfield code="b">BNPHU</subfield>
    <subfield code="d">2025-06-16</subfield>
    <subfield code="h">A&#xF1;o.1: no. 3, (enero/marzo, 1970)</subfield>
    <subfield code="l">0</subfield>
    <subfield code="p">2025-5188</subfield>
    <subfield code="r">2025-06-16</subfield>
    <subfield code="t">e.1</subfield>
    <subfield code="w">2025-06-16</subfield>
    <subfield code="y">ISSUE</subfield>
    <subfield code="z">Edici&#xF3;n especial.</subfield>
  </datafield>
  <datafield tag="952" ind1=" " ind2=" ">
    <subfield code="0">0</subfield>
    <subfield code="1">0</subfield>
    <subfield code="2">ddc</subfield>
    <subfield code="4">0</subfield>
    <subfield code="5">6</subfield>
    <subfield code="7">0</subfield>
    <subfield code="8">SE</subfield>
    <subfield code="a">BNPHU</subfield>
    <subfield code="b">BNPHU</subfield>
    <subfield code="d">2025-06-16</subfield>
    <subfield code="h">A&#xF1;o.1: no. 3, (enero/marzo, 1970)</subfield>
    <subfield code="l">0</subfield>
    <subfield code="p">2025-5189</subfield>
    <subfield code="r">2025-06-16</subfield>
    <subfield code="t">e.2</subfield>
    <subfield code="w">2025-06-16</subfield>
    <subfield code="y">ISSUE</subfield>
    <subfield code="z">Edici&#xF3;n especial.</subfield>
  </datafield>
  <datafield tag="952" ind1=" " ind2=" ">
    <subfield code="0">0</subfield>
    <subfield code="1">0</subfield>
    <subfield code="2">ddc</subfield>
    <subfield code="4">0</subfield>
    <subfield code="5">6</subfield>
    <subfield code="7">0</subfield>
    <subfield code="8">SE</subfield>
    <subfield code="a">BNPHU</subfield>
    <subfield code="b">BNPHU</subfield>
    <subfield code="d">2025-06-16</subfield>
    <subfield code="h">A&#xF1;o.1: no. 3, (enero/marzo, 1970)</subfield>
    <subfield code="l">0</subfield>
    <subfield code="p">2025-5190</subfield>
    <subfield code="r">2025-06-16</subfield>
    <subfield code="t">e.3</subfield>
    <subfield code="w">2025-06-16</subfield>
    <subfield code="y">ISSUE</subfield>
    <subfield code="z">Edici&#xF3;n especial.</subfield>
  </datafield>
  <datafield tag="952" ind1=" " ind2=" ">
    <subfield code="0">0</subfield>
    <subfield code="1">0</subfield>
    <subfield code="2">ddc</subfield>
    <subfield code="4">0</subfield>
    <subfield code="5">6</subfield>
    <subfield code="7">0</subfield>
    <subfield code="8">SE</subfield>
    <subfield code="a">BNPHU</subfield>
    <subfield code="b">BNPHU</subfield>
    <subfield code="d">2025-06-16</subfield>
    <subfield code="h">A&#xF1;o.2: no. 4, (abril/junio, 1970)</subfield>
    <subfield code="l">0</subfield>
    <subfield code="p">2025-5191</subfield>
    <subfield code="r">2025-06-16</subfield>
    <subfield code="t">e.1</subfield>
    <subfield code="w">2025-06-16</subfield>
    <subfield code="y">ISSUE</subfield>
    <subfield code="z">Edici&#xF3;n especial.</subfield>
  </datafield>
  <datafield tag="952" ind1=" " ind2=" ">
    <subfield code="0">0</subfield>
    <subfield code="1">0</subfield>
    <subfield code="2">ddc</subfield>
    <subfield code="4">0</subfield>
    <subfield code="5">6</subfield>
    <subfield code="7">0</subfield>
    <subfield code="8">SE</subfield>
    <subfield code="a">BNPHU</subfield>
    <subfield code="b">BNPHU</subfield>
    <subfield code="d">2025-06-16</subfield>
    <subfield code="h">A&#xF1;o.2: no. 4, (abril/junio, 1970)</subfield>
    <subfield code="l">0</subfield>
    <subfield code="p">2025-5192</subfield>
    <subfield code="r">2025-06-16</subfield>
    <subfield code="t">e.2</subfield>
    <subfield code="w">2025-06-16</subfield>
    <subfield code="y">ISSUE</subfield>
    <subfield code="z">Edici&#xF3;n especial.</subfield>
  </datafield>
  <datafield tag="952" ind1=" " ind2=" ">
    <subfield code="0">0</subfield>
    <subfield code="1">0</subfield>
    <subfield code="2">ddc</subfield>
    <subfield code="4">0</subfield>
    <subfield code="5">6</subfield>
    <subfield code="7">0</subfield>
    <subfield code="8">SE</subfield>
    <subfield code="a">BNPHU</subfield>
    <subfield code="b">BNPHU</subfield>
    <subfield code="d">2025-06-16</subfield>
    <subfield code="h">A&#xF1;o.2: no. 4, (abril/junio, 1970)</subfield>
    <subfield code="l">0</subfield>
    <subfield code="p">2025-5193</subfield>
    <subfield code="r">2025-06-16</subfield>
    <subfield code="t">e.3</subfield>
    <subfield code="w">2025-06-16</subfield>
    <subfield code="y">ISSUE</subfield>
    <subfield code="z">Edici&#xF3;n especial.</subfield>
  </datafield>
  <datafield tag="952" ind1=" " ind2=" ">
    <subfield code="0">0</subfield>
    <subfield code="1">0</subfield>
    <subfield code="2">ddc</subfield>
    <subfield code="4">0</subfield>
    <subfield code="5">6</subfield>
    <subfield code="7">0</subfield>
    <subfield code="8">SE</subfield>
    <subfield code="a">BNPHU</subfield>
    <subfield code="b">BNPHU</subfield>
    <subfield code="d">2025-06-16</subfield>
    <subfield code="h">A&#xF1;o.2: no. 5, (julio/septiembre, 1970)</subfield>
    <subfield code="l">0</subfield>
    <subfield code="p">2025-5194</subfield>
    <subfield code="r">2025-06-16</subfield>
    <subfield code="t">e.1</subfield>
    <subfield code="w">2025-06-16</subfield>
    <subfield code="y">ISSUE</subfield>
    <subfield code="z">Edici&#xF3;n especial.</subfield>
  </datafield>
  <datafield tag="952" ind1=" " ind2=" ">
    <subfield code="0">0</subfield>
    <subfield code="1">0</subfield>
    <subfield code="2">ddc</subfield>
    <subfield code="4">0</subfield>
    <subfield code="5">6</subfield>
    <subfield code="7">0</subfield>
    <subfield code="8">SE</subfield>
    <subfield code="a">BNPHU</subfield>
    <subfield code="b">BNPHU</subfield>
    <subfield code="d">2025-06-16</subfield>
    <subfield code="h">A&#xF1;o.2: no. 5, (julio/septiembre, 1970)</subfield>
    <subfield code="l">0</subfield>
    <subfield code="p">2025-5195</subfield>
    <subfield code="r">2025-06-16</subfield>
    <subfield code="t">e.2</subfield>
    <subfield code="w">2025-06-16</subfield>
    <subfield code="y">ISSUE</subfield>
    <subfield code="z">Edici&#xF3;n especial.</subfield>
  </datafield>
  <datafield tag="952" ind1=" " ind2=" ">
    <subfield code="0">0</subfield>
    <subfield code="1">0</subfield>
    <subfield code="2">ddc</subfield>
    <subfield code="4">0</subfield>
    <subfield code="5">6</subfield>
    <subfield code="7">0</subfield>
    <subfield code="8">SE</subfield>
    <subfield code="a">BNPHU</subfield>
    <subfield code="b">BNPHU</subfield>
    <subfield code="d">2025-06-16</subfield>
    <subfield code="h">A&#xF1;o.2: no. 5, (julio/septiembre, 1970)</subfield>
    <subfield code="l">0</subfield>
    <subfield code="p">2025-5196</subfield>
    <subfield code="r">2025-06-16</subfield>
    <subfield code="t">e.3</subfield>
    <subfield code="w">2025-06-16</subfield>
    <subfield code="y">ISSUE</subfield>
    <subfield code="z">Edici&#xF3;n especial.</subfield>
  </datafield>
  <datafield tag="952" ind1=" " ind2=" ">
    <subfield code="0">0</subfield>
    <subfield code="1">0</subfield>
    <subfield code="2">ddc</subfield>
    <subfield code="4">0</subfield>
    <subfield code="5">6</subfield>
    <subfield code="7">0</subfield>
    <subfield code="8">SE</subfield>
    <subfield code="a">BNPHU</subfield>
    <subfield code="b">BNPHU</subfield>
    <subfield code="d">2025-06-16</subfield>
    <subfield code="h">A&#xF1;o.2: no. 5, (julio/septiembre, 1970)</subfield>
    <subfield code="l">0</subfield>
    <subfield code="p">2025-5197</subfield>
    <subfield code="r">2025-06-16</subfield>
    <subfield code="t">e.4</subfield>
    <subfield code="w">2025-06-16</subfield>
    <subfield code="y">ISSUE</subfield>
    <subfield code="z">Edici&#xF3;n especial.</subfield>
  </datafield>
  <datafield tag="952" ind1=" " ind2=" ">
    <subfield code="0">0</subfield>
    <subfield code="1">0</subfield>
    <subfield code="2">ddc</subfield>
    <subfield code="4">0</subfield>
    <subfield code="5">6</subfield>
    <subfield code="7">0</subfield>
    <subfield code="8">SE</subfield>
    <subfield code="a">BNPHU</subfield>
    <subfield code="b">BNPHU</subfield>
    <subfield code="d">2025-06-16</subfield>
    <subfield code="h">A&#xF1;o.2: no. 5, (julio/septiembre, 1970)</subfield>
    <subfield code="l">0</subfield>
    <subfield code="p">2025-5198</subfield>
    <subfield code="r">2025-06-16</subfield>
    <subfield code="t">e.5</subfield>
    <subfield code="w">2025-06-16</subfield>
    <subfield code="y">ISSUE</subfield>
    <subfield code="z">Edici&#xF3;n especial.</subfield>
  </datafield>
  <datafield tag="952" ind1=" " ind2=" ">
    <subfield code="0">0</subfield>
    <subfield code="1">0</subfield>
    <subfield code="2">ddc</subfield>
    <subfield code="4">0</subfield>
    <subfield code="5">6</subfield>
    <subfield code="7">0</subfield>
    <subfield code="8">SE</subfield>
    <subfield code="a">BNPHU</subfield>
    <subfield code="b">BNPHU</subfield>
    <subfield code="d">2025-06-16</subfield>
    <subfield code="h">A&#xF1;o.2: no. 6, (octubre/diciembre, 1970)</subfield>
    <subfield code="l">0</subfield>
    <subfield code="p">2025-5199</subfield>
    <subfield code="r">2025-06-16</subfield>
    <subfield code="t">e.1</subfield>
    <subfield code="w">2025-06-16</subfield>
    <subfield code="y">ISSUE</subfield>
    <subfield code="z">Edici&#xF3;n especial.</subfield>
  </datafield>
  <datafield tag="952" ind1=" " ind2=" ">
    <subfield code="0">0</subfield>
    <subfield code="1">0</subfield>
    <subfield code="2">ddc</subfield>
    <subfield code="4">0</subfield>
    <subfield code="5">6</subfield>
    <subfield code="7">0</subfield>
    <subfield code="8">SE</subfield>
    <subfield code="a">BNPHU</subfield>
    <subfield code="b">BNPHU</subfield>
    <subfield code="d">2025-06-16</subfield>
    <subfield code="h">A&#xF1;o.3: no. 7, (enero/diciembre, 1971)</subfield>
    <subfield code="l">0</subfield>
    <subfield code="p">2025-5200</subfield>
    <subfield code="r">2025-06-16</subfield>
    <subfield code="t">e.1</subfield>
    <subfield code="w">2025-06-16</subfield>
    <subfield code="y">ISSUE</subfield>
    <subfield code="z">Edici&#xF3;n especial.</subfield>
  </datafield>
  <datafield tag="952" ind1=" " ind2=" ">
    <subfield code="0">0</subfield>
    <subfield code="1">0</subfield>
    <subfield code="2">ddc</subfield>
    <subfield code="4">0</subfield>
    <subfield code="5">6</subfield>
    <subfield code="7">0</subfield>
    <subfield code="8">SE</subfield>
    <subfield code="a">BNPHU</subfield>
    <subfield code="b">BNPHU</subfield>
    <subfield code="d">2025-06-16</subfield>
    <subfield code="h">A&#xF1;o.3: no. 7, (enero/diciembre, 1971)</subfield>
    <subfield code="l">0</subfield>
    <subfield code="p">2025-5201</subfield>
    <subfield code="r">2025-06-16</subfield>
    <subfield code="t">e.2</subfield>
    <subfield code="w">2025-06-16</subfield>
    <subfield code="y">ISSUE</subfield>
    <subfield code="z">Edici&#xF3;n especial.</subfield>
  </datafield>
  <datafield tag="952" ind1=" " ind2=" ">
    <subfield code="0">0</subfield>
    <subfield code="1">0</subfield>
    <subfield code="2">ddc</subfield>
    <subfield code="4">0</subfield>
    <subfield code="5">6</subfield>
    <subfield code="7">0</subfield>
    <subfield code="8">SE</subfield>
    <subfield code="a">BNPHU</subfield>
    <subfield code="b">BNPHU</subfield>
    <subfield code="d">2025-06-16</subfield>
    <subfield code="h">A&#xF1;o.5: no. 9, (enero/diciembre, 1973)</subfield>
    <subfield code="l">0</subfield>
    <subfield code="p">2025-5202</subfield>
    <subfield code="r">2025-06-16</subfield>
    <subfield code="t">e.1</subfield>
    <subfield code="w">2025-06-16</subfield>
    <subfield code="y">ISSUE</subfield>
    <subfield code="z">Edici&#xF3;n especial.</subfield>
  </datafield>
  <datafield tag="952" ind1=" " ind2=" ">
    <subfield code="0">0</subfield>
    <subfield code="1">0</subfield>
    <subfield code="2">ddc</subfield>
    <subfield code="4">0</subfield>
    <subfield code="5">6</subfield>
    <subfield code="7">0</subfield>
    <subfield code="8">SE</subfield>
    <subfield code="a">BNPHU</subfield>
    <subfield code="b">BNPHU</subfield>
    <subfield code="d">2025-06-16</subfield>
    <subfield code="h">A&#xF1;o.7: no. 11, (enero/junio, 1975)</subfield>
    <subfield code="l">0</subfield>
    <subfield code="p">2025-5203</subfield>
    <subfield code="r">2025-06-16</subfield>
    <subfield code="t">e.1</subfield>
    <subfield code="w">2025-06-16</subfield>
    <subfield code="y">ISSUE</subfield>
    <subfield code="z">Domado por la Biblioteca Rep&#xFA;blica Dominicana.</subfield>
  </datafield>
  <datafield tag="952" ind1=" " ind2=" ">
    <subfield code="0">0</subfield>
    <subfield code="1">0</subfield>
    <subfield code="2">ddc</subfield>
    <subfield code="4">0</subfield>
    <subfield code="5">6</subfield>
    <subfield code="7">0</subfield>
    <subfield code="8">SE</subfield>
    <subfield code="a">BNPHU</subfield>
    <subfield code="b">BNPHU</subfield>
    <subfield code="d">2025-06-16</subfield>
    <subfield code="h">A&#xF1;o.7: no. 11, (enero/junio, 1975)</subfield>
    <subfield code="l">0</subfield>
    <subfield code="p">2025-5204</subfield>
    <subfield code="r">2025-06-16</subfield>
    <subfield code="t">e.2</subfield>
    <subfield code="w">2025-06-16</subfield>
    <subfield code="y">ISSUE</subfield>
    <subfield code="z">Domado por la Biblioteca Rep&#xFA;blica Dominicana.</subfield>
  </datafield>
  <datafield tag="952" ind1=" " ind2=" ">
    <subfield code="0">0</subfield>
    <subfield code="1">0</subfield>
    <subfield code="2">ddc</subfield>
    <subfield code="4">0</subfield>
    <subfield code="5">6</subfield>
    <subfield code="7">0</subfield>
    <subfield code="8">SE</subfield>
    <subfield code="a">BNPHU</subfield>
    <subfield code="b">BNPHU</subfield>
    <subfield code="d">2025-06-16</subfield>
    <subfield code="h">A&#xF1;o.9: no.15, (julio 1977-diciembre 1978)</subfield>
    <subfield code="l">0</subfield>
    <subfield code="p">2025-5206</subfield>
    <subfield code="r">2025-06-16</subfield>
    <subfield code="t">e.1</subfield>
    <subfield code="w">2025-06-16</subfield>
    <subfield code="y">ISSUE</subfield>
  </datafield>
  <datafield tag="952" ind1=" " ind2=" ">
    <subfield code="0">0</subfield>
    <subfield code="1">0</subfield>
    <subfield code="2">ddc</subfield>
    <subfield code="4">0</subfield>
    <subfield code="5">6</subfield>
    <subfield code="7">0</subfield>
    <subfield code="8">SE</subfield>
    <subfield code="a">BNPHU</subfield>
    <subfield code="b">BNPHU</subfield>
    <subfield code="d">2025-06-16</subfield>
    <subfield code="h">A&#xF1;o.9: no.15, (julio 1977-diciembre 1978)</subfield>
    <subfield code="l">0</subfield>
    <subfield code="p">2025-5207</subfield>
    <subfield code="r">2025-06-16</subfield>
    <subfield code="t">e.2</subfield>
    <subfield code="w">2025-06-16</subfield>
    <subfield code="y">ISSUE</subfield>
  </datafield>
  <datafield tag="952" ind1=" " ind2=" ">
    <subfield code="0">0</subfield>
    <subfield code="1">0</subfield>
    <subfield code="2">ddc</subfield>
    <subfield code="4">0</subfield>
    <subfield code="5">6</subfield>
    <subfield code="7">0</subfield>
    <subfield code="8">SE</subfield>
    <subfield code="a">BNPHU</subfield>
    <subfield code="b">BNPHU</subfield>
    <subfield code="d">2025-06-16</subfield>
    <subfield code="h">A&#xF1;o.9: no.15, (julio 1977-diciembre 1978)</subfield>
    <subfield code="l">0</subfield>
    <subfield code="p">2025-5208</subfield>
    <subfield code="r">2025-06-16</subfield>
    <subfield code="t">e.3</subfield>
    <subfield code="w">2025-06-16</subfield>
    <subfield code="y">ISSUE</subfield>
  </datafield>
  <datafield tag="952" ind1=" " ind2=" ">
    <subfield code="0">0</subfield>
    <subfield code="1">0</subfield>
    <subfield code="2">ddc</subfield>
    <subfield code="4">0</subfield>
    <subfield code="5">6</subfield>
    <subfield code="7">0</subfield>
    <subfield code="8">SE</subfield>
    <subfield code="a">BNPHU</subfield>
    <subfield code="b">BNPHU</subfield>
    <subfield code="d">2025-06-16</subfield>
    <subfield code="h">A&#xF1;o.13: no.16, (diciembre, 1981)</subfield>
    <subfield code="l">0</subfield>
    <subfield code="p">2025-5209</subfield>
    <subfield code="r">2025-06-16</subfield>
    <subfield code="t">e.1</subfield>
    <subfield code="w">2025-06-16</subfield>
    <subfield code="y">ISSUE</subfield>
  </datafield>
  <datafield tag="952" ind1=" " ind2=" ">
    <subfield code="0">0</subfield>
    <subfield code="1">0</subfield>
    <subfield code="2">ddc</subfield>
    <subfield code="4">0</subfield>
    <subfield code="5">6</subfield>
    <subfield code="7">0</subfield>
    <subfield code="8">SE</subfield>
    <subfield code="a">BNPHU</subfield>
    <subfield code="b">BNPHU</subfield>
    <subfield code="d">2025-06-16</subfield>
    <subfield code="h">A&#xF1;o.13: no.16, (diciembre, 1981)</subfield>
    <subfield code="l">0</subfield>
    <subfield code="p">2025-5210</subfield>
    <subfield code="r">2025-06-16</subfield>
    <subfield code="t">e.2</subfield>
    <subfield code="w">2025-06-16</subfield>
    <subfield code="y">ISSUE</subfield>
  </datafield>
  <datafield tag="952" ind1=" " ind2=" ">
    <subfield code="0">0</subfield>
    <subfield code="1">0</subfield>
    <subfield code="2">ddc</subfield>
    <subfield code="4">0</subfield>
    <subfield code="5">6</subfield>
    <subfield code="7">0</subfield>
    <subfield code="8">SE</subfield>
    <subfield code="a">BNPHU</subfield>
    <subfield code="b">BNPHU</subfield>
    <subfield code="d">2025-06-16</subfield>
    <subfield code="h">A&#xF1;o.13: no.16, (diciembre, 1981)</subfield>
    <subfield code="l">0</subfield>
    <subfield code="p">2025-5211</subfield>
    <subfield code="r">2025-06-16</subfield>
    <subfield code="t">e.3</subfield>
    <subfield code="w">2025-06-16</subfield>
    <subfield code="y">ISSUE</subfield>
  </datafield>
  <datafield tag="952" ind1=" " ind2=" ">
    <subfield code="0">0</subfield>
    <subfield code="1">0</subfield>
    <subfield code="2">ddc</subfield>
    <subfield code="4">0</subfield>
    <subfield code="5">6</subfield>
    <subfield code="7">0</subfield>
    <subfield code="8">SE</subfield>
    <subfield code="a">BNPHU</subfield>
    <subfield code="b">BNPHU</subfield>
    <subfield code="d">2025-06-16</subfield>
    <subfield code="h">A&#xF1;o.9: no.17, (diciembre, 1982)</subfield>
    <subfield code="l">0</subfield>
    <subfield code="p">2025-5213</subfield>
    <subfield code="r">2025-06-16</subfield>
    <subfield code="t">e.1</subfield>
    <subfield code="w">2025-06-16</subfield>
    <subfield code="y">ISSUE</subfield>
  </datafield>
  <datafield tag="952" ind1=" " ind2=" ">
    <subfield code="0">0</subfield>
    <subfield code="1">0</subfield>
    <subfield code="2">ddc</subfield>
    <subfield code="4">0</subfield>
    <subfield code="5">6</subfield>
    <subfield code="7">0</subfield>
    <subfield code="8">SE</subfield>
    <subfield code="a">BNPHU</subfield>
    <subfield code="b">BNPHU</subfield>
    <subfield code="d">2025-06-16</subfield>
    <subfield code="h">A&#xF1;o.9: no.17, (diciembre, 1982)</subfield>
    <subfield code="l">0</subfield>
    <subfield code="p">2025-5214</subfield>
    <subfield code="r">2025-06-16</subfield>
    <subfield code="t">e.2</subfield>
    <subfield code="w">2025-06-16</subfield>
    <subfield code="y">ISSUE</subfield>
  </datafield>
  <datafield tag="952" ind1=" " ind2=" ">
    <subfield code="0">0</subfield>
    <subfield code="1">0</subfield>
    <subfield code="2">ddc</subfield>
    <subfield code="4">0</subfield>
    <subfield code="5">6</subfield>
    <subfield code="7">0</subfield>
    <subfield code="8">SE</subfield>
    <subfield code="a">BNPHU</subfield>
    <subfield code="b">BNPHU</subfield>
    <subfield code="d">2025-06-16</subfield>
    <subfield code="h">A&#xF1;o.10: no.18, (agosto, 1983)</subfield>
    <subfield code="l">0</subfield>
    <subfield code="p">2025-5215</subfield>
    <subfield code="r">2025-06-16</subfield>
    <subfield code="t">e.1</subfield>
    <subfield code="w">2025-06-16</subfield>
    <subfield code="y">ISSUE</subfield>
  </datafield>
  <datafield tag="952" ind1=" " ind2=" ">
    <subfield code="0">0</subfield>
    <subfield code="1">0</subfield>
    <subfield code="2">ddc</subfield>
    <subfield code="4">0</subfield>
    <subfield code="5">6</subfield>
    <subfield code="7">0</subfield>
    <subfield code="8">SE</subfield>
    <subfield code="a">BNPHU</subfield>
    <subfield code="b">BNPHU</subfield>
    <subfield code="d">2025-06-16</subfield>
    <subfield code="h">A&#xF1;o.12: no.19, (enero, 1986)</subfield>
    <subfield code="l">0</subfield>
    <subfield code="p">2025-5216</subfield>
    <subfield code="r">2025-06-16</subfield>
    <subfield code="t">e.1</subfield>
    <subfield code="w">2025-06-16</subfield>
    <subfield code="y">ISSUE</subfield>
    <subfield code="z">Donado por la Biblioteca UNPHU.</subfield>
  </datafield>
  <datafield tag="952" ind1=" " ind2=" ">
    <subfield code="0">0</subfield>
    <subfield code="1">0</subfield>
    <subfield code="2">ddc</subfield>
    <subfield code="4">0</subfield>
    <subfield code="5">6</subfield>
    <subfield code="7">0</subfield>
    <subfield code="8">SE</subfield>
    <subfield code="a">BNPHU</subfield>
    <subfield code="b">BNPHU</subfield>
    <subfield code="d">2025-06-16</subfield>
    <subfield code="h">A&#xF1;o.13: no. 20, (enero-junio, 2000)</subfield>
    <subfield code="l">0</subfield>
    <subfield code="p">2025-5217</subfield>
    <subfield code="r">2025-06-16</subfield>
    <subfield code="t">e.1</subfield>
    <subfield code="w">2025-06-16</subfield>
    <subfield code="y">ISSUE</subfield>
  </datafield>
  <datafield tag="952" ind1=" " ind2=" ">
    <subfield code="0">0</subfield>
    <subfield code="1">0</subfield>
    <subfield code="2">ddc</subfield>
    <subfield code="4">0</subfield>
    <subfield code="5">6</subfield>
    <subfield code="7">0</subfield>
    <subfield code="8">SE</subfield>
    <subfield code="a">BNPHU</subfield>
    <subfield code="b">BNPHU</subfield>
    <subfield code="d">2025-06-16</subfield>
    <subfield code="h">A&#xF1;o.13: no. 20, (enero-junio, 2000)</subfield>
    <subfield code="l">0</subfield>
    <subfield code="p">2025-5218</subfield>
    <subfield code="r">2025-06-16</subfield>
    <subfield code="t">e.2</subfield>
    <subfield code="w">2025-06-16</subfield>
    <subfield code="y">ISSUE</subfield>
  </datafield>
  <datafield tag="952" ind1=" " ind2=" ">
    <subfield code="0">0</subfield>
    <subfield code="1">0</subfield>
    <subfield code="2">ddc</subfield>
    <subfield code="4">0</subfield>
    <subfield code="5">6</subfield>
    <subfield code="7">0</subfield>
    <subfield code="8">SE</subfield>
    <subfield code="a">BNPHU</subfield>
    <subfield code="b">BNPHU</subfield>
    <subfield code="d">2025-06-16</subfield>
    <subfield code="h">A&#xF1;o.13: no. 20, (enero-junio, 2000)</subfield>
    <subfield code="l">0</subfield>
    <subfield code="p">2025-5219</subfield>
    <subfield code="r">2025-06-16</subfield>
    <subfield code="t">e.3</subfield>
    <subfield code="w">2025-06-16</subfield>
    <subfield code="y">ISSUE</subfield>
  </datafield>
  <datafield tag="952" ind1=" " ind2=" ">
    <subfield code="0">0</subfield>
    <subfield code="1">0</subfield>
    <subfield code="2">ddc</subfield>
    <subfield code="4">0</subfield>
    <subfield code="5">6</subfield>
    <subfield code="7">0</subfield>
    <subfield code="8">SE</subfield>
    <subfield code="a">BNPHU</subfield>
    <subfield code="b">BNPHU</subfield>
    <subfield code="d">2025-06-16</subfield>
    <subfield code="h">A&#xF1;o.13: no. 20, (enero-junio, 2000)</subfield>
    <subfield code="l">0</subfield>
    <subfield code="p">2025-5220</subfield>
    <subfield code="r">2025-06-16</subfield>
    <subfield code="t">e.4</subfield>
    <subfield code="w">2025-06-16</subfield>
    <subfield code="y">ISSUE</subfield>
  </datafield>
  <datafield tag="952" ind1=" " ind2=" ">
    <subfield code="0">0</subfield>
    <subfield code="1">0</subfield>
    <subfield code="2">ddc</subfield>
    <subfield code="4">0</subfield>
    <subfield code="5">6</subfield>
    <subfield code="7">0</subfield>
    <subfield code="8">SE</subfield>
    <subfield code="a">BNPHU</subfield>
    <subfield code="b">BNPHU</subfield>
    <subfield code="d">2025-06-16</subfield>
    <subfield code="h">A&#xF1;o.14: no. 21, (julio 2000-julio, 2001)</subfield>
    <subfield code="l">0</subfield>
    <subfield code="p">2025-5221</subfield>
    <subfield code="r">2025-06-16</subfield>
    <subfield code="t">e.1</subfield>
    <subfield code="w">2025-06-16</subfield>
    <subfield code="y">ISSUE</subfield>
  </datafield>
  <datafield tag="952" ind1=" " ind2=" ">
    <subfield code="0">0</subfield>
    <subfield code="1">0</subfield>
    <subfield code="2">ddc</subfield>
    <subfield code="4">0</subfield>
    <subfield code="5">6</subfield>
    <subfield code="7">0</subfield>
    <subfield code="8">SE</subfield>
    <subfield code="a">BNPHU</subfield>
    <subfield code="b">BNPHU</subfield>
    <subfield code="d">2025-06-16</subfield>
    <subfield code="h">A&#xF1;o.14: no. 21, (julio 2000-julio, 2001)</subfield>
    <subfield code="l">0</subfield>
    <subfield code="p">2025-5222</subfield>
    <subfield code="r">2025-06-16</subfield>
    <subfield code="t">e.2</subfield>
    <subfield code="w">2025-06-16</subfield>
    <subfield code="y">ISSUE</subfield>
  </datafield>
  <datafield tag="952" ind1=" " ind2=" ">
    <subfield code="0">0</subfield>
    <subfield code="1">0</subfield>
    <subfield code="2">ddc</subfield>
    <subfield code="4">0</subfield>
    <subfield code="5">6</subfield>
    <subfield code="7">0</subfield>
    <subfield code="8">SE</subfield>
    <subfield code="a">BNPHU</subfield>
    <subfield code="b">BNPHU</subfield>
    <subfield code="d">2025-06-16</subfield>
    <subfield code="h">A&#xF1;o.14: no. 21, (julio 2000-julio, 2001)</subfield>
    <subfield code="l">0</subfield>
    <subfield code="p">2025-5223</subfield>
    <subfield code="r">2025-06-16</subfield>
    <subfield code="t">e.3</subfield>
    <subfield code="w">2025-06-16</subfield>
    <subfield code="y">ISSUE</subfield>
  </datafield>
  <datafield tag="952" ind1=" " ind2=" ">
    <subfield code="0">0</subfield>
    <subfield code="1">0</subfield>
    <subfield code="2">ddc</subfield>
    <subfield code="4">0</subfield>
    <subfield code="5">6</subfield>
    <subfield code="7">0</subfield>
    <subfield code="8">SE</subfield>
    <subfield code="a">BNPHU</subfield>
    <subfield code="b">BNPHU</subfield>
    <subfield code="d">2025-06-16</subfield>
    <subfield code="h">A&#xF1;o.14: no. 21, (julio 2000-julio, 2001)</subfield>
    <subfield code="l">0</subfield>
    <subfield code="p">2025-5224</subfield>
    <subfield code="r">2025-06-16</subfield>
    <subfield code="t">e.4</subfield>
    <subfield code="w">2025-06-16</subfield>
    <subfield code="y">ISSUE</subfield>
  </datafield>
  <datafield tag="952" ind1=" " ind2=" ">
    <subfield code="0">0</subfield>
    <subfield code="1">0</subfield>
    <subfield code="2">ddc</subfield>
    <subfield code="4">0</subfield>
    <subfield code="5">6</subfield>
    <subfield code="7">0</subfield>
    <subfield code="8">SE</subfield>
    <subfield code="a">BNPHU</subfield>
    <subfield code="b">BNPHU</subfield>
    <subfield code="d">2025-06-16</subfield>
    <subfield code="h">A&#xF1;o.14: no. 21, (julio 2000-julio, 2001)</subfield>
    <subfield code="l">0</subfield>
    <subfield code="p">2025-5225</subfield>
    <subfield code="r">2025-06-16</subfield>
    <subfield code="t">e.5</subfield>
    <subfield code="w">2025-06-16</subfield>
    <subfield code="y">ISSUE</subfield>
  </datafield>
  <datafield tag="952" ind1=" " ind2=" ">
    <subfield code="0">0</subfield>
    <subfield code="1">0</subfield>
    <subfield code="2">ddc</subfield>
    <subfield code="4">0</subfield>
    <subfield code="5">6</subfield>
    <subfield code="7">0</subfield>
    <subfield code="8">SE</subfield>
    <subfield code="a">BNPHU</subfield>
    <subfield code="b">BNPHU</subfield>
    <subfield code="d">2025-06-16</subfield>
    <subfield code="h">A&#xF1;o.15: no. 22, (agosto 2001-junio, 2002)</subfield>
    <subfield code="l">0</subfield>
    <subfield code="p">2025-5226</subfield>
    <subfield code="r">2025-06-16</subfield>
    <subfield code="t">e.1</subfield>
    <subfield code="w">2025-06-16</subfield>
    <subfield code="y">ISSUE</subfield>
  </datafield>
  <datafield tag="952" ind1=" " ind2=" ">
    <subfield code="0">0</subfield>
    <subfield code="1">0</subfield>
    <subfield code="2">ddc</subfield>
    <subfield code="4">0</subfield>
    <subfield code="5">6</subfield>
    <subfield code="7">0</subfield>
    <subfield code="8">SE</subfield>
    <subfield code="a">BNPHU</subfield>
    <subfield code="b">BNPHU</subfield>
    <subfield code="d">2025-06-16</subfield>
    <subfield code="h">A&#xF1;o.15: no. 22, (agosto 2001-junio, 2002)</subfield>
    <subfield code="l">0</subfield>
    <subfield code="p">2025-5227</subfield>
    <subfield code="r">2025-06-16</subfield>
    <subfield code="t">e.2</subfield>
    <subfield code="w">2025-06-16</subfield>
    <subfield code="y">ISSUE</subfield>
  </datafield>
  <datafield tag="952" ind1=" " ind2=" ">
    <subfield code="0">0</subfield>
    <subfield code="1">0</subfield>
    <subfield code="2">ddc</subfield>
    <subfield code="4">0</subfield>
    <subfield code="5">6</subfield>
    <subfield code="7">0</subfield>
    <subfield code="8">SE</subfield>
    <subfield code="a">BNPHU</subfield>
    <subfield code="b">BNPHU</subfield>
    <subfield code="d">2025-06-16</subfield>
    <subfield code="h">A&#xF1;o.16: no. 23, (julio 2002-agosto, 2003)</subfield>
    <subfield code="l">0</subfield>
    <subfield code="p">2025-5228</subfield>
    <subfield code="r">2025-06-16</subfield>
    <subfield code="t">e.1</subfield>
    <subfield code="w">2025-06-16</subfield>
    <subfield code="y">ISSUE</subfield>
  </datafield>
  <datafield tag="952" ind1=" " ind2=" ">
    <subfield code="0">0</subfield>
    <subfield code="1">0</subfield>
    <subfield code="2">ddc</subfield>
    <subfield code="4">0</subfield>
    <subfield code="5">6</subfield>
    <subfield code="7">0</subfield>
    <subfield code="8">SE</subfield>
    <subfield code="a">BNPHU</subfield>
    <subfield code="b">BNPHU</subfield>
    <subfield code="d">2025-06-16</subfield>
    <subfield code="h">A&#xF1;o.16: no. 23, (julio 2002-agosto, 2003)</subfield>
    <subfield code="l">0</subfield>
    <subfield code="p">2025-5229</subfield>
    <subfield code="r">2025-06-16</subfield>
    <subfield code="t">e.2</subfield>
    <subfield code="w">2025-06-16</subfield>
    <subfield code="y">ISSUE</subfield>
  </datafield>
  <datafield tag="952" ind1=" " ind2=" ">
    <subfield code="0">0</subfield>
    <subfield code="1">0</subfield>
    <subfield code="2">ddc</subfield>
    <subfield code="4">0</subfield>
    <subfield code="5">6</subfield>
    <subfield code="7">0</subfield>
    <subfield code="8">SE</subfield>
    <subfield code="a">BNPHU</subfield>
    <subfield code="b">BNPHU</subfield>
    <subfield code="d">2025-06-16</subfield>
    <subfield code="h">A&#xF1;o.16: no. 23, (julio 2002-agosto, 2003)</subfield>
    <subfield code="l">0</subfield>
    <subfield code="p">2025-5230</subfield>
    <subfield code="r">2025-06-16</subfield>
    <subfield code="t">e.3</subfield>
    <subfield code="w">2025-06-16</subfield>
    <subfield code="y">ISSUE</subfield>
  </datafield>
  <datafield tag="952" ind1=" " ind2=" ">
    <subfield code="0">0</subfield>
    <subfield code="1">0</subfield>
    <subfield code="2">ddc</subfield>
    <subfield code="4">0</subfield>
    <subfield code="5">6</subfield>
    <subfield code="7">0</subfield>
    <subfield code="8">SE</subfield>
    <subfield code="a">BNPHU</subfield>
    <subfield code="b">BNPHU</subfield>
    <subfield code="d">2025-06-16</subfield>
    <subfield code="h">A&#xF1;o.16: no. 23, (julio 2002-agosto, 2003)</subfield>
    <subfield code="l">0</subfield>
    <subfield code="p">2025-5231</subfield>
    <subfield code="r">2025-06-16</subfield>
    <subfield code="t">e.4</subfield>
    <subfield code="w">2025-06-16</subfield>
    <subfield code="y">ISSUE</subfield>
  </datafield>
  <datafield tag="952" ind1=" " ind2=" ">
    <subfield code="0">0</subfield>
    <subfield code="1">0</subfield>
    <subfield code="2">ddc</subfield>
    <subfield code="4">0</subfield>
    <subfield code="5">6</subfield>
    <subfield code="7">0</subfield>
    <subfield code="8">SE</subfield>
    <subfield code="a">BNPHU</subfield>
    <subfield code="b">BNPHU</subfield>
    <subfield code="d">2025-06-16</subfield>
    <subfield code="h">A&#xF1;o.16: no. 23, (julio 2002-agosto, 2003)</subfield>
    <subfield code="l">0</subfield>
    <subfield code="p">2025-5232</subfield>
    <subfield code="r">2025-06-16</subfield>
    <subfield code="t">e.5</subfield>
    <subfield code="w">2025-06-16</subfield>
    <subfield code="y">ISSUE</subfield>
  </datafield>
  <datafield tag="952" ind1=" " ind2=" ">
    <subfield code="0">0</subfield>
    <subfield code="1">0</subfield>
    <subfield code="2">ddc</subfield>
    <subfield code="4">0</subfield>
    <subfield code="5">6</subfield>
    <subfield code="7">0</subfield>
    <subfield code="8">SE</subfield>
    <subfield code="a">BNPHU</subfield>
    <subfield code="b">BNPHU</subfield>
    <subfield code="d">2025-06-16</subfield>
    <subfield code="h">A&#xF1;o.16: no. 23, (julio 2002-agosto, 2003)</subfield>
    <subfield code="l">0</subfield>
    <subfield code="p">2025-5233</subfield>
    <subfield code="r">2025-06-16</subfield>
    <subfield code="t">e.6</subfield>
    <subfield code="w">2025-06-16</subfield>
    <subfield code="y">ISSUE</subfield>
  </datafield>
  <datafield tag="952" ind1=" " ind2=" ">
    <subfield code="0">0</subfield>
    <subfield code="1">0</subfield>
    <subfield code="2">ddc</subfield>
    <subfield code="4">0</subfield>
    <subfield code="5">6</subfield>
    <subfield code="7">0</subfield>
    <subfield code="8">SE</subfield>
    <subfield code="a">BNPHU</subfield>
    <subfield code="b">BNPHU</subfield>
    <subfield code="d">2025-06-16</subfield>
    <subfield code="h">A&#xF1;o.19: no. 24, (septiembre 2003-marzo, 2006)</subfield>
    <subfield code="l">0</subfield>
    <subfield code="p">2025-5234</subfield>
    <subfield code="r">2025-06-16</subfield>
    <subfield code="t">e.1</subfield>
    <subfield code="w">2025-06-16</subfield>
    <subfield code="y">ISSUE</subfield>
  </datafield>
  <datafield tag="952" ind1=" " ind2=" ">
    <subfield code="0">0</subfield>
    <subfield code="1">0</subfield>
    <subfield code="2">ddc</subfield>
    <subfield code="4">0</subfield>
    <subfield code="5">6</subfield>
    <subfield code="7">0</subfield>
    <subfield code="8">SE</subfield>
    <subfield code="a">BNPHU</subfield>
    <subfield code="b">BNPHU</subfield>
    <subfield code="d">2025-06-16</subfield>
    <subfield code="h">A&#xF1;o.19: no. 24, (septiembre 2003-marzo, 2006)</subfield>
    <subfield code="l">0</subfield>
    <subfield code="p">2025-5235</subfield>
    <subfield code="r">2025-06-16</subfield>
    <subfield code="t">e.2</subfield>
    <subfield code="w">2025-06-16</subfield>
    <subfield code="y">ISSUE</subfield>
  </datafield>
  <datafield tag="952" ind1=" " ind2=" ">
    <subfield code="0">0</subfield>
    <subfield code="1">0</subfield>
    <subfield code="2">ddc</subfield>
    <subfield code="4">0</subfield>
    <subfield code="5">6</subfield>
    <subfield code="7">0</subfield>
    <subfield code="8">SE</subfield>
    <subfield code="a">BNPHU</subfield>
    <subfield code="b">BNPHU</subfield>
    <subfield code="d">2025-06-16</subfield>
    <subfield code="h">No. 25, (julio-diciembre, 2009)</subfield>
    <subfield code="l">0</subfield>
    <subfield code="p">2025-5236</subfield>
    <subfield code="r">2025-06-16</subfield>
    <subfield code="t">e.1</subfield>
    <subfield code="w">2025-06-16</subfield>
    <subfield code="y">ISSUE</subfield>
  </datafield>
  <datafield tag="952" ind1=" " ind2=" ">
    <subfield code="0">0</subfield>
    <subfield code="1">0</subfield>
    <subfield code="2">ddc</subfield>
    <subfield code="4">0</subfield>
    <subfield code="5">6</subfield>
    <subfield code="7">0</subfield>
    <subfield code="8">SE</subfield>
    <subfield code="a">BNPHU</subfield>
    <subfield code="b">BNPHU</subfield>
    <subfield code="d">2025-06-16</subfield>
    <subfield code="h">No. 25, (julio-diciembre, 2009)</subfield>
    <subfield code="l">0</subfield>
    <subfield code="p">2025-5237</subfield>
    <subfield code="r">2025-06-16</subfield>
    <subfield code="t">e.2</subfield>
    <subfield code="w">2025-06-16</subfield>
    <subfield code="y">ISSUE</subfield>
  </datafield>
  <datafield tag="952" ind1=" " ind2=" ">
    <subfield code="0">0</subfield>
    <subfield code="1">0</subfield>
    <subfield code="2">ddc</subfield>
    <subfield code="4">0</subfield>
    <subfield code="5">6</subfield>
    <subfield code="7">0</subfield>
    <subfield code="8">SE</subfield>
    <subfield code="a">BNPHU</subfield>
    <subfield code="b">BNPHU</subfield>
    <subfield code="d">2025-06-16</subfield>
    <subfield code="h">No. 25, (julio-diciembre, 2009)</subfield>
    <subfield code="l">0</subfield>
    <subfield code="p">2025-5238</subfield>
    <subfield code="r">2025-06-16</subfield>
    <subfield code="t">e.3</subfield>
    <subfield code="w">2025-06-16</subfield>
    <subfield code="y">ISSUE</subfield>
  </datafield>
  <datafield tag="952" ind1=" " ind2=" ">
    <subfield code="0">0</subfield>
    <subfield code="1">0</subfield>
    <subfield code="2">ddc</subfield>
    <subfield code="4">0</subfield>
    <subfield code="5">6</subfield>
    <subfield code="7">0</subfield>
    <subfield code="8">SE</subfield>
    <subfield code="a">BNPHU</subfield>
    <subfield code="b">BNPHU</subfield>
    <subfield code="d">2025-06-16</subfield>
    <subfield code="h">No. 25, (julio-diciembre, 2009)</subfield>
    <subfield code="l">0</subfield>
    <subfield code="p">2025-5239</subfield>
    <subfield code="r">2025-06-16</subfield>
    <subfield code="t">e.4</subfield>
    <subfield code="w">2025-06-16</subfield>
    <subfield code="y">ISSUE</subfield>
  </datafield>
  <datafield tag="952" ind1=" " ind2=" ">
    <subfield code="0">0</subfield>
    <subfield code="1">0</subfield>
    <subfield code="2">ddc</subfield>
    <subfield code="4">0</subfield>
    <subfield code="5">6</subfield>
    <subfield code="7">0</subfield>
    <subfield code="8">SE</subfield>
    <subfield code="a">BNPHU</subfield>
    <subfield code="b">BNPHU</subfield>
    <subfield code="d">2025-06-16</subfield>
    <subfield code="h">No. 25, (julio-diciembre, 2009)</subfield>
    <subfield code="l">0</subfield>
    <subfield code="p">2025-5240</subfield>
    <subfield code="r">2025-06-16</subfield>
    <subfield code="t">e.5</subfield>
    <subfield code="w">2025-06-16</subfield>
    <subfield code="y">ISSUE</subfield>
  </datafield>
  <datafield tag="952" ind1=" " ind2=" ">
    <subfield code="0">0</subfield>
    <subfield code="1">0</subfield>
    <subfield code="2">ddc</subfield>
    <subfield code="4">0</subfield>
    <subfield code="5">6</subfield>
    <subfield code="7">0</subfield>
    <subfield code="8">SE</subfield>
    <subfield code="a">BNPHU</subfield>
    <subfield code="b">BNPHU</subfield>
    <subfield code="d">2025-06-16</subfield>
    <subfield code="h">No. 25, (julio-diciembre, 2009)</subfield>
    <subfield code="l">0</subfield>
    <subfield code="p">2025-5241</subfield>
    <subfield code="r">2025-06-16</subfield>
    <subfield code="t">e.6</subfield>
    <subfield code="w">2025-06-16</subfield>
    <subfield code="y">ISSUE</subfield>
  </datafield>
  <datafield tag="952" ind1=" " ind2=" ">
    <subfield code="0">0</subfield>
    <subfield code="1">0</subfield>
    <subfield code="2">ddc</subfield>
    <subfield code="4">0</subfield>
    <subfield code="5">6</subfield>
    <subfield code="7">0</subfield>
    <subfield code="8">SE</subfield>
    <subfield code="a">BNPHU</subfield>
    <subfield code="b">BNPHU</subfield>
    <subfield code="d">2025-06-16</subfield>
    <subfield code="h">No. 26, (enero-junio, 2010)</subfield>
    <subfield code="l">0</subfield>
    <subfield code="p">2025-5242</subfield>
    <subfield code="r">2025-06-16</subfield>
    <subfield code="t">e.1</subfield>
    <subfield code="w">2025-06-16</subfield>
    <subfield code="y">ISSUE</subfield>
    <subfield code="z">Duarte el 9 de junio de 1844.</subfield>
  </datafield>
  <datafield tag="952" ind1=" " ind2=" ">
    <subfield code="0">0</subfield>
    <subfield code="1">0</subfield>
    <subfield code="2">ddc</subfield>
    <subfield code="4">0</subfield>
    <subfield code="5">6</subfield>
    <subfield code="7">0</subfield>
    <subfield code="8">SE</subfield>
    <subfield code="a">BNPHU</subfield>
    <subfield code="b">BNPHU</subfield>
    <subfield code="d">2025-06-16</subfield>
    <subfield code="h">No. 26, (enero-junio, 2010)</subfield>
    <subfield code="l">0</subfield>
    <subfield code="p">2025-5243</subfield>
    <subfield code="r">2025-06-16</subfield>
    <subfield code="t">e.2</subfield>
    <subfield code="w">2025-06-16</subfield>
    <subfield code="y">ISSUE</subfield>
    <subfield code="z">Duarte el 9 de junio de 1844.</subfield>
  </datafield>
  <datafield tag="952" ind1=" " ind2=" ">
    <subfield code="0">0</subfield>
    <subfield code="1">0</subfield>
    <subfield code="2">ddc</subfield>
    <subfield code="4">0</subfield>
    <subfield code="5">6</subfield>
    <subfield code="7">0</subfield>
    <subfield code="8">SE</subfield>
    <subfield code="a">BNPHU</subfield>
    <subfield code="b">BNPHU</subfield>
    <subfield code="d">2025-06-16</subfield>
    <subfield code="h">No. 26, (enero-junio, 2010)</subfield>
    <subfield code="l">0</subfield>
    <subfield code="p">2025-5244</subfield>
    <subfield code="r">2025-06-16</subfield>
    <subfield code="t">e.3</subfield>
    <subfield code="w">2025-06-16</subfield>
    <subfield code="y">ISSUE</subfield>
    <subfield code="z">Duarte el 9 de junio de 1844.</subfield>
  </datafield>
  <datafield tag="952" ind1=" " ind2=" ">
    <subfield code="0">0</subfield>
    <subfield code="1">0</subfield>
    <subfield code="2">ddc</subfield>
    <subfield code="4">0</subfield>
    <subfield code="5">6</subfield>
    <subfield code="7">0</subfield>
    <subfield code="8">SE</subfield>
    <subfield code="a">BNPHU</subfield>
    <subfield code="b">BNPHU</subfield>
    <subfield code="d">2025-06-16</subfield>
    <subfield code="h">No. 26, (enero-junio, 2010)</subfield>
    <subfield code="l">0</subfield>
    <subfield code="p">2025-5245</subfield>
    <subfield code="r">2025-06-16</subfield>
    <subfield code="t">e.4</subfield>
    <subfield code="w">2025-06-16</subfield>
    <subfield code="y">ISSUE</subfield>
    <subfield code="z">Duarte el 9 de junio de 1844.</subfield>
  </datafield>
  <datafield tag="952" ind1=" " ind2=" ">
    <subfield code="0">0</subfield>
    <subfield code="1">0</subfield>
    <subfield code="2">ddc</subfield>
    <subfield code="4">0</subfield>
    <subfield code="5">6</subfield>
    <subfield code="7">0</subfield>
    <subfield code="8">SE</subfield>
    <subfield code="a">BNPHU</subfield>
    <subfield code="b">BNPHU</subfield>
    <subfield code="d">2025-06-16</subfield>
    <subfield code="h">No. 27, (julio-diciembre, 2010)</subfield>
    <subfield code="l">0</subfield>
    <subfield code="p">2025-5246</subfield>
    <subfield code="r">2025-06-16</subfield>
    <subfield code="t">e.1</subfield>
    <subfield code="w">2025-06-16</subfield>
    <subfield code="y">ISSUE</subfield>
    <subfield code="z">Duarte es la patria.</subfield>
  </datafield>
  <datafield tag="952" ind1=" " ind2=" ">
    <subfield code="0">0</subfield>
    <subfield code="1">0</subfield>
    <subfield code="2">ddc</subfield>
    <subfield code="4">0</subfield>
    <subfield code="5">6</subfield>
    <subfield code="7">0</subfield>
    <subfield code="8">SE</subfield>
    <subfield code="a">BNPHU</subfield>
    <subfield code="b">BNPHU</subfield>
    <subfield code="d">2025-06-16</subfield>
    <subfield code="h">No. 27, (julio-diciembre, 2010)</subfield>
    <subfield code="l">0</subfield>
    <subfield code="p">2025-5247</subfield>
    <subfield code="r">2025-06-16</subfield>
    <subfield code="t">e.2</subfield>
    <subfield code="w">2025-06-16</subfield>
    <subfield code="y">ISSUE</subfield>
    <subfield code="z">Duarte es la patria.</subfield>
  </datafield>
  <datafield tag="952" ind1=" " ind2=" ">
    <subfield code="0">0</subfield>
    <subfield code="1">0</subfield>
    <subfield code="2">ddc</subfield>
    <subfield code="4">0</subfield>
    <subfield code="5">6</subfield>
    <subfield code="7">0</subfield>
    <subfield code="8">SE</subfield>
    <subfield code="a">BNPHU</subfield>
    <subfield code="b">BNPHU</subfield>
    <subfield code="d">2025-06-16</subfield>
    <subfield code="h">No. 27, (julio-diciembre, 2010)</subfield>
    <subfield code="l">0</subfield>
    <subfield code="p">2025-5248</subfield>
    <subfield code="r">2025-06-16</subfield>
    <subfield code="t">e.3</subfield>
    <subfield code="w">2025-06-16</subfield>
    <subfield code="y">ISSUE</subfield>
    <subfield code="z">Duarte es la patria.</subfield>
  </datafield>
  <datafield tag="952" ind1=" " ind2=" ">
    <subfield code="0">0</subfield>
    <subfield code="1">0</subfield>
    <subfield code="2">ddc</subfield>
    <subfield code="4">0</subfield>
    <subfield code="5">6</subfield>
    <subfield code="7">0</subfield>
    <subfield code="8">SE</subfield>
    <subfield code="a">BNPHU</subfield>
    <subfield code="b">BNPHU</subfield>
    <subfield code="d">2025-06-16</subfield>
    <subfield code="h">No. 27, (julio-diciembre, 2010)</subfield>
    <subfield code="l">0</subfield>
    <subfield code="p">2025-5249</subfield>
    <subfield code="r">2025-06-16</subfield>
    <subfield code="t">e.4</subfield>
    <subfield code="w">2025-06-16</subfield>
    <subfield code="y">ISSUE</subfield>
    <subfield code="z">Duarte es la patria.</subfield>
  </datafield>
  <datafield tag="952" ind1=" " ind2=" ">
    <subfield code="0">0</subfield>
    <subfield code="1">0</subfield>
    <subfield code="2">ddc</subfield>
    <subfield code="4">0</subfield>
    <subfield code="5">6</subfield>
    <subfield code="7">0</subfield>
    <subfield code="8">SE</subfield>
    <subfield code="a">BNPHU</subfield>
    <subfield code="b">BNPHU</subfield>
    <subfield code="d">2025-06-16</subfield>
    <subfield code="h">No. 27, (julio-diciembre, 2010)</subfield>
    <subfield code="l">0</subfield>
    <subfield code="p">2025-5250</subfield>
    <subfield code="r">2025-06-16</subfield>
    <subfield code="t">e.5</subfield>
    <subfield code="w">2025-06-16</subfield>
    <subfield code="y">ISSUE</subfield>
    <subfield code="z">Duarte es la patria.</subfield>
  </datafield>
  <datafield tag="952" ind1=" " ind2=" ">
    <subfield code="0">0</subfield>
    <subfield code="1">0</subfield>
    <subfield code="2">ddc</subfield>
    <subfield code="4">0</subfield>
    <subfield code="5">6</subfield>
    <subfield code="7">0</subfield>
    <subfield code="8">SE</subfield>
    <subfield code="a">BNPHU</subfield>
    <subfield code="b">BNPHU</subfield>
    <subfield code="d">2025-06-16</subfield>
    <subfield code="h">No. 27, (julio-diciembre, 2010)</subfield>
    <subfield code="l">0</subfield>
    <subfield code="p">2025-5251</subfield>
    <subfield code="r">2025-06-16</subfield>
    <subfield code="t">e.6</subfield>
    <subfield code="w">2025-06-16</subfield>
    <subfield code="y">ISSUE</subfield>
    <subfield code="z">Duarte es la patria.</subfield>
  </datafield>
  <datafield tag="952" ind1=" " ind2=" ">
    <subfield code="0">0</subfield>
    <subfield code="1">0</subfield>
    <subfield code="2">ddc</subfield>
    <subfield code="4">0</subfield>
    <subfield code="5">6</subfield>
    <subfield code="7">0</subfield>
    <subfield code="8">SE</subfield>
    <subfield code="a">BNPHU</subfield>
    <subfield code="b">BNPHU</subfield>
    <subfield code="d">2025-06-16</subfield>
    <subfield code="h">No. 28, (enero-junio, 2011)</subfield>
    <subfield code="l">0</subfield>
    <subfield code="p">2025-5252</subfield>
    <subfield code="r">2025-06-16</subfield>
    <subfield code="t">e.1</subfield>
    <subfield code="w">2025-06-16</subfield>
    <subfield code="y">ISSUE</subfield>
  </datafield>
  <datafield tag="952" ind1=" " ind2=" ">
    <subfield code="0">0</subfield>
    <subfield code="1">0</subfield>
    <subfield code="2">ddc</subfield>
    <subfield code="4">0</subfield>
    <subfield code="5">6</subfield>
    <subfield code="7">0</subfield>
    <subfield code="8">SE</subfield>
    <subfield code="a">BNPHU</subfield>
    <subfield code="b">BNPHU</subfield>
    <subfield code="d">2025-06-16</subfield>
    <subfield code="h">No. 28, (enero-junio, 2011)</subfield>
    <subfield code="l">0</subfield>
    <subfield code="p">2025-5253</subfield>
    <subfield code="r">2025-06-16</subfield>
    <subfield code="t">e.2</subfield>
    <subfield code="w">2025-06-16</subfield>
    <subfield code="y">ISSUE</subfield>
  </datafield>
  <datafield tag="952" ind1=" " ind2=" ">
    <subfield code="0">0</subfield>
    <subfield code="1">0</subfield>
    <subfield code="2">ddc</subfield>
    <subfield code="4">0</subfield>
    <subfield code="5">6</subfield>
    <subfield code="7">0</subfield>
    <subfield code="8">SE</subfield>
    <subfield code="a">BNPHU</subfield>
    <subfield code="b">BNPHU</subfield>
    <subfield code="d">2025-06-16</subfield>
    <subfield code="h">No. 28, (enero-junio, 2011)</subfield>
    <subfield code="l">0</subfield>
    <subfield code="p">2025-5254</subfield>
    <subfield code="r">2025-06-16</subfield>
    <subfield code="t">e.3</subfield>
    <subfield code="w">2025-06-16</subfield>
    <subfield code="y">ISSUE</subfield>
  </datafield>
  <datafield tag="952" ind1=" " ind2=" ">
    <subfield code="0">0</subfield>
    <subfield code="1">0</subfield>
    <subfield code="2">ddc</subfield>
    <subfield code="4">0</subfield>
    <subfield code="5">6</subfield>
    <subfield code="7">0</subfield>
    <subfield code="8">SE</subfield>
    <subfield code="a">BNPHU</subfield>
    <subfield code="b">BNPHU</subfield>
    <subfield code="d">2025-06-16</subfield>
    <subfield code="h">No. 28, (enero-junio, 2011)</subfield>
    <subfield code="l">0</subfield>
    <subfield code="p">2025-5255</subfield>
    <subfield code="r">2025-06-16</subfield>
    <subfield code="t">e.4</subfield>
    <subfield code="w">2025-06-16</subfield>
    <subfield code="y">ISSUE</subfield>
  </datafield>
  <datafield tag="952" ind1=" " ind2=" ">
    <subfield code="0">0</subfield>
    <subfield code="1">0</subfield>
    <subfield code="2">ddc</subfield>
    <subfield code="4">0</subfield>
    <subfield code="5">6</subfield>
    <subfield code="7">0</subfield>
    <subfield code="8">SE</subfield>
    <subfield code="a">BNPHU</subfield>
    <subfield code="b">BNPHU</subfield>
    <subfield code="d">2025-06-16</subfield>
    <subfield code="h">No. 28, (enero-junio, 2011)</subfield>
    <subfield code="l">0</subfield>
    <subfield code="p">2025-5256</subfield>
    <subfield code="r">2025-06-16</subfield>
    <subfield code="t">e.5</subfield>
    <subfield code="w">2025-06-16</subfield>
    <subfield code="y">ISSUE</subfield>
  </datafield>
  <datafield tag="952" ind1=" " ind2=" ">
    <subfield code="0">0</subfield>
    <subfield code="1">0</subfield>
    <subfield code="2">ddc</subfield>
    <subfield code="4">0</subfield>
    <subfield code="5">6</subfield>
    <subfield code="7">0</subfield>
    <subfield code="8">SE</subfield>
    <subfield code="a">BNPHU</subfield>
    <subfield code="b">BNPHU</subfield>
    <subfield code="d">2025-06-16</subfield>
    <subfield code="h">No. 28, (junio-diciembre, 2011)</subfield>
    <subfield code="l">0</subfield>
    <subfield code="p">2025-5257</subfield>
    <subfield code="r">2025-06-16</subfield>
    <subfield code="t">e.1</subfield>
    <subfield code="w">2025-06-16</subfield>
    <subfield code="y">ISSUE</subfield>
  </datafield>
  <datafield tag="952" ind1=" " ind2=" ">
    <subfield code="0">0</subfield>
    <subfield code="1">0</subfield>
    <subfield code="2">ddc</subfield>
    <subfield code="4">0</subfield>
    <subfield code="5">6</subfield>
    <subfield code="7">0</subfield>
    <subfield code="8">SE</subfield>
    <subfield code="a">BNPHU</subfield>
    <subfield code="b">BNPHU</subfield>
    <subfield code="d">2025-06-16</subfield>
    <subfield code="h">No. 29, (junio-diciembre, 2011)</subfield>
    <subfield code="l">0</subfield>
    <subfield code="p">2025-5258</subfield>
    <subfield code="r">2025-06-16</subfield>
    <subfield code="t">e.2</subfield>
    <subfield code="w">2025-06-16</subfield>
    <subfield code="y">ISSUE</subfield>
  </datafield>
  <datafield tag="952" ind1=" " ind2=" ">
    <subfield code="0">0</subfield>
    <subfield code="1">0</subfield>
    <subfield code="2">ddc</subfield>
    <subfield code="4">0</subfield>
    <subfield code="5">6</subfield>
    <subfield code="7">0</subfield>
    <subfield code="8">SE</subfield>
    <subfield code="a">BNPHU</subfield>
    <subfield code="b">BNPHU</subfield>
    <subfield code="d">2025-06-16</subfield>
    <subfield code="h">No. 29, (junio-diciembre, 2011)</subfield>
    <subfield code="l">0</subfield>
    <subfield code="p">2025-5259</subfield>
    <subfield code="r">2025-06-16</subfield>
    <subfield code="t">e.3</subfield>
    <subfield code="w">2025-06-16</subfield>
    <subfield code="y">ISSUE</subfield>
  </datafield>
  <datafield tag="952" ind1=" " ind2=" ">
    <subfield code="0">0</subfield>
    <subfield code="1">0</subfield>
    <subfield code="2">ddc</subfield>
    <subfield code="4">0</subfield>
    <subfield code="5">6</subfield>
    <subfield code="7">0</subfield>
    <subfield code="8">SE</subfield>
    <subfield code="a">BNPHU</subfield>
    <subfield code="b">BNPHU</subfield>
    <subfield code="d">2025-06-16</subfield>
    <subfield code="h">No. 29, (junio-diciembre, 2011)</subfield>
    <subfield code="l">0</subfield>
    <subfield code="p">2025-5260</subfield>
    <subfield code="r">2025-06-16</subfield>
    <subfield code="t">e.4</subfield>
    <subfield code="w">2025-06-16</subfield>
    <subfield code="y">ISSUE</subfield>
  </datafield>
  <datafield tag="952" ind1=" " ind2=" ">
    <subfield code="0">0</subfield>
    <subfield code="1">0</subfield>
    <subfield code="2">ddc</subfield>
    <subfield code="4">0</subfield>
    <subfield code="5">6</subfield>
    <subfield code="7">0</subfield>
    <subfield code="8">SE</subfield>
    <subfield code="a">BNPHU</subfield>
    <subfield code="b">BNPHU</subfield>
    <subfield code="d">2025-06-16</subfield>
    <subfield code="h">No. 29, (junio-diciembre, 2011)</subfield>
    <subfield code="l">0</subfield>
    <subfield code="p">2025-5261</subfield>
    <subfield code="r">2025-06-16</subfield>
    <subfield code="t">e.5</subfield>
    <subfield code="w">2025-06-16</subfield>
    <subfield code="y">ISSUE</subfield>
  </datafield>
  <datafield tag="952" ind1=" " ind2=" ">
    <subfield code="0">0</subfield>
    <subfield code="1">0</subfield>
    <subfield code="2">ddc</subfield>
    <subfield code="4">0</subfield>
    <subfield code="5">6</subfield>
    <subfield code="7">0</subfield>
    <subfield code="8">SE</subfield>
    <subfield code="a">BNPHU</subfield>
    <subfield code="b">BNPHU</subfield>
    <subfield code="d">2025-06-16</subfield>
    <subfield code="h">No. 29, (junio-diciembre, 2011)</subfield>
    <subfield code="l">0</subfield>
    <subfield code="p">2025-5262</subfield>
    <subfield code="r">2025-06-16</subfield>
    <subfield code="t">e.6</subfield>
    <subfield code="w">2025-06-16</subfield>
    <subfield code="y">ISSUE</subfield>
  </datafield>
  <datafield tag="952" ind1=" " ind2=" ">
    <subfield code="0">0</subfield>
    <subfield code="1">0</subfield>
    <subfield code="2">ddc</subfield>
    <subfield code="4">0</subfield>
    <subfield code="5">6</subfield>
    <subfield code="7">0</subfield>
    <subfield code="8">SE</subfield>
    <subfield code="a">BNPHU</subfield>
    <subfield code="b">BNPHU</subfield>
    <subfield code="d">2025-06-16</subfield>
    <subfield code="h">No. 29, (junio-diciembre, 2011)</subfield>
    <subfield code="l">0</subfield>
    <subfield code="p">2025-5263</subfield>
    <subfield code="r">2025-06-16</subfield>
    <subfield code="t">e.7</subfield>
    <subfield code="w">2025-06-16</subfield>
    <subfield code="y">ISSUE</subfield>
  </datafield>
  <datafield tag="952" ind1=" " ind2=" ">
    <subfield code="0">0</subfield>
    <subfield code="1">0</subfield>
    <subfield code="2">ddc</subfield>
    <subfield code="4">0</subfield>
    <subfield code="5">6</subfield>
    <subfield code="7">0</subfield>
    <subfield code="8">SE</subfield>
    <subfield code="a">BNPHU</subfield>
    <subfield code="b">BNPHU</subfield>
    <subfield code="d">2025-06-16</subfield>
    <subfield code="h">No. 30, (enero-diciembre, 2012)</subfield>
    <subfield code="l">0</subfield>
    <subfield code="p">2025-5264</subfield>
    <subfield code="r">2025-06-16</subfield>
    <subfield code="t">e.1</subfield>
    <subfield code="w">2025-06-16</subfield>
    <subfield code="y">ISSUE</subfield>
  </datafield>
  <datafield tag="952" ind1=" " ind2=" ">
    <subfield code="0">0</subfield>
    <subfield code="1">0</subfield>
    <subfield code="2">ddc</subfield>
    <subfield code="4">0</subfield>
    <subfield code="5">6</subfield>
    <subfield code="7">0</subfield>
    <subfield code="8">SE</subfield>
    <subfield code="a">BNPHU</subfield>
    <subfield code="b">BNPHU</subfield>
    <subfield code="d">2025-06-16</subfield>
    <subfield code="h">No. 30, (enero-diciembre, 2012)</subfield>
    <subfield code="l">0</subfield>
    <subfield code="p">2025-5265</subfield>
    <subfield code="r">2025-06-16</subfield>
    <subfield code="t">e.2</subfield>
    <subfield code="w">2025-06-16</subfield>
    <subfield code="y">ISSUE</subfield>
  </datafield>
  <datafield tag="952" ind1=" " ind2=" ">
    <subfield code="0">0</subfield>
    <subfield code="1">0</subfield>
    <subfield code="2">ddc</subfield>
    <subfield code="4">0</subfield>
    <subfield code="5">6</subfield>
    <subfield code="7">0</subfield>
    <subfield code="8">SE</subfield>
    <subfield code="a">BNPHU</subfield>
    <subfield code="b">BNPHU</subfield>
    <subfield code="d">2025-06-16</subfield>
    <subfield code="h">No. 30, (enero-diciembre, 2012)</subfield>
    <subfield code="l">0</subfield>
    <subfield code="p">2025-5266</subfield>
    <subfield code="r">2025-06-16</subfield>
    <subfield code="t">e.3</subfield>
    <subfield code="w">2025-06-16</subfield>
    <subfield code="y">ISSUE</subfield>
  </datafield>
  <datafield tag="952" ind1=" " ind2=" ">
    <subfield code="0">0</subfield>
    <subfield code="1">0</subfield>
    <subfield code="2">ddc</subfield>
    <subfield code="4">0</subfield>
    <subfield code="5">6</subfield>
    <subfield code="7">0</subfield>
    <subfield code="8">SE</subfield>
    <subfield code="a">BNPHU</subfield>
    <subfield code="b">BNPHU</subfield>
    <subfield code="d">2025-06-16</subfield>
    <subfield code="h">No. 32, (julio-diciembre, 2013)</subfield>
    <subfield code="l">0</subfield>
    <subfield code="p">2025-5267</subfield>
    <subfield code="r">2025-06-16</subfield>
    <subfield code="t">e.1</subfield>
    <subfield code="w">2025-06-16</subfield>
    <subfield code="y">ISSUE</subfield>
  </datafield>
  <datafield tag="952" ind1=" " ind2=" ">
    <subfield code="0">0</subfield>
    <subfield code="1">0</subfield>
    <subfield code="2">ddc</subfield>
    <subfield code="4">0</subfield>
    <subfield code="5">6</subfield>
    <subfield code="7">0</subfield>
    <subfield code="8">SE</subfield>
    <subfield code="a">BNPHU</subfield>
    <subfield code="b">BNPHU</subfield>
    <subfield code="d">2025-06-16</subfield>
    <subfield code="h">No. 30, (enero-diciembre, 2012)</subfield>
    <subfield code="l">0</subfield>
    <subfield code="p">2025-5268</subfield>
    <subfield code="r">2025-06-16</subfield>
    <subfield code="t">e.4</subfield>
    <subfield code="w">2025-06-16</subfield>
    <subfield code="y">ISSUE</subfield>
  </datafield>
  <datafield tag="952" ind1=" " ind2=" ">
    <subfield code="0">0</subfield>
    <subfield code="1">0</subfield>
    <subfield code="2">ddc</subfield>
    <subfield code="4">0</subfield>
    <subfield code="5">6</subfield>
    <subfield code="7">0</subfield>
    <subfield code="8">SE</subfield>
    <subfield code="a">BNPHU</subfield>
    <subfield code="b">BNPHU</subfield>
    <subfield code="d">2025-06-16</subfield>
    <subfield code="h">No. 30, (enero-diciembre, 2012)</subfield>
    <subfield code="l">0</subfield>
    <subfield code="p">2025-5269</subfield>
    <subfield code="r">2025-06-16</subfield>
    <subfield code="t">e.5</subfield>
    <subfield code="w">2025-06-16</subfield>
    <subfield code="y">ISSUE</subfield>
  </datafield>
  <datafield tag="952" ind1=" " ind2=" ">
    <subfield code="0">0</subfield>
    <subfield code="1">0</subfield>
    <subfield code="2">ddc</subfield>
    <subfield code="4">0</subfield>
    <subfield code="5">6</subfield>
    <subfield code="7">0</subfield>
    <subfield code="8">SE</subfield>
    <subfield code="a">BNPHU</subfield>
    <subfield code="b">BNPHU</subfield>
    <subfield code="d">2025-06-16</subfield>
    <subfield code="h">No. 33, (enero-diciembre, 2014)</subfield>
    <subfield code="l">0</subfield>
    <subfield code="p">2025-5270</subfield>
    <subfield code="r">2025-06-16</subfield>
    <subfield code="t">e.1</subfield>
    <subfield code="w">2025-06-16</subfield>
    <subfield code="y">ISSUE</subfield>
  </datafield>
  <datafield tag="952" ind1=" " ind2=" ">
    <subfield code="0">0</subfield>
    <subfield code="1">0</subfield>
    <subfield code="2">ddc</subfield>
    <subfield code="4">0</subfield>
    <subfield code="5">6</subfield>
    <subfield code="7">0</subfield>
    <subfield code="8">SE</subfield>
    <subfield code="a">BNPHU</subfield>
    <subfield code="b">BNPHU</subfield>
    <subfield code="d">2025-06-16</subfield>
    <subfield code="h">No. 33, (enero-diciembre, 2014)</subfield>
    <subfield code="l">0</subfield>
    <subfield code="p">2025-5271</subfield>
    <subfield code="r">2025-06-16</subfield>
    <subfield code="t">e.2</subfield>
    <subfield code="w">2025-06-16</subfield>
    <subfield code="y">ISSUE</subfield>
  </datafield>
  <datafield tag="952" ind1=" " ind2=" ">
    <subfield code="0">0</subfield>
    <subfield code="1">0</subfield>
    <subfield code="2">ddc</subfield>
    <subfield code="4">0</subfield>
    <subfield code="5">6</subfield>
    <subfield code="7">0</subfield>
    <subfield code="8">SE</subfield>
    <subfield code="a">BNPHU</subfield>
    <subfield code="b">BNPHU</subfield>
    <subfield code="d">2025-06-16</subfield>
    <subfield code="h">No. 33, (enero-diciembre, 2014)</subfield>
    <subfield code="l">0</subfield>
    <subfield code="p">2025-5272</subfield>
    <subfield code="r">2025-06-16</subfield>
    <subfield code="t">e.3</subfield>
    <subfield code="w">2025-06-16</subfield>
    <subfield code="y">ISSUE</subfield>
  </datafield>
  <datafield tag="952" ind1=" " ind2=" ">
    <subfield code="0">0</subfield>
    <subfield code="1">0</subfield>
    <subfield code="2">ddc</subfield>
    <subfield code="4">0</subfield>
    <subfield code="5">6</subfield>
    <subfield code="7">0</subfield>
    <subfield code="8">SE</subfield>
    <subfield code="a">BNPHU</subfield>
    <subfield code="b">BNPHU</subfield>
    <subfield code="d">2025-06-16</subfield>
    <subfield code="h">No. 34, (enero-diciembre, 2015)</subfield>
    <subfield code="l">0</subfield>
    <subfield code="p">2025-5273</subfield>
    <subfield code="r">2025-06-16</subfield>
    <subfield code="t">e.1</subfield>
    <subfield code="w">2025-06-16</subfield>
    <subfield code="y">ISSUE</subfield>
  </datafield>
  <datafield tag="952" ind1=" " ind2=" ">
    <subfield code="0">0</subfield>
    <subfield code="1">0</subfield>
    <subfield code="2">ddc</subfield>
    <subfield code="4">0</subfield>
    <subfield code="5">6</subfield>
    <subfield code="7">0</subfield>
    <subfield code="8">SE</subfield>
    <subfield code="a">BNPHU</subfield>
    <subfield code="b">BNPHU</subfield>
    <subfield code="d">2025-06-16</subfield>
    <subfield code="h">No. 34, (enero-diciembre, 2015)</subfield>
    <subfield code="l">0</subfield>
    <subfield code="p">2025-5274</subfield>
    <subfield code="r">2025-06-16</subfield>
    <subfield code="t">e.2</subfield>
    <subfield code="w">2025-06-16</subfield>
    <subfield code="y">ISSUE</subfield>
  </datafield>
  <datafield tag="952" ind1=" " ind2=" ">
    <subfield code="0">0</subfield>
    <subfield code="1">0</subfield>
    <subfield code="2">ddc</subfield>
    <subfield code="4">0</subfield>
    <subfield code="5">6</subfield>
    <subfield code="7">0</subfield>
    <subfield code="8">SE</subfield>
    <subfield code="a">BNPHU</subfield>
    <subfield code="b">BNPHU</subfield>
    <subfield code="d">2025-06-16</subfield>
    <subfield code="h">No. 35, (enero-diciembre, 2016)</subfield>
    <subfield code="l">0</subfield>
    <subfield code="p">2025-5275</subfield>
    <subfield code="r">2025-06-16</subfield>
    <subfield code="t">e.1</subfield>
    <subfield code="w">2025-06-16</subfield>
    <subfield code="y">ISSUE</subfield>
  </datafield>
  <datafield tag="952" ind1=" " ind2=" ">
    <subfield code="0">0</subfield>
    <subfield code="1">0</subfield>
    <subfield code="2">ddc</subfield>
    <subfield code="4">0</subfield>
    <subfield code="5">6</subfield>
    <subfield code="7">0</subfield>
    <subfield code="8">SE</subfield>
    <subfield code="a">BNPHU</subfield>
    <subfield code="b">BNPHU</subfield>
    <subfield code="d">2025-06-16</subfield>
    <subfield code="h">No. 35, (enero-diciembre, 2016)</subfield>
    <subfield code="l">0</subfield>
    <subfield code="p">2025-5276</subfield>
    <subfield code="r">2025-06-16</subfield>
    <subfield code="t">e.2</subfield>
    <subfield code="w">2025-06-16</subfield>
    <subfield code="y">ISSUE</subfield>
  </datafield>
  <datafield tag="952" ind1=" " ind2=" ">
    <subfield code="0">0</subfield>
    <subfield code="1">0</subfield>
    <subfield code="2">ddc</subfield>
    <subfield code="4">0</subfield>
    <subfield code="5">6</subfield>
    <subfield code="7">0</subfield>
    <subfield code="8">SE</subfield>
    <subfield code="a">BNPHU</subfield>
    <subfield code="b">BNPHU</subfield>
    <subfield code="d">2025-06-16</subfield>
    <subfield code="h">No. 36, (enero-diciembre, 2017)</subfield>
    <subfield code="l">0</subfield>
    <subfield code="p">2025-5278</subfield>
    <subfield code="r">2025-06-16</subfield>
    <subfield code="t">e.1</subfield>
    <subfield code="w">2025-06-16</subfield>
    <subfield code="y">ISSUE</subfield>
    <subfield code="z">"&#xA1;Salve! Oh Padre de la Patria".</subfield>
  </datafield>
  <datafield tag="952" ind1=" " ind2=" ">
    <subfield code="0">0</subfield>
    <subfield code="1">0</subfield>
    <subfield code="2">ddc</subfield>
    <subfield code="4">0</subfield>
    <subfield code="5">6</subfield>
    <subfield code="7">0</subfield>
    <subfield code="8">SE</subfield>
    <subfield code="a">BNPHU</subfield>
    <subfield code="b">BNPHU</subfield>
    <subfield code="d">2025-06-16</subfield>
    <subfield code="h">No. 36, (enero-diciembre, 2017)</subfield>
    <subfield code="l">0</subfield>
    <subfield code="p">2025-5279</subfield>
    <subfield code="r">2025-06-16</subfield>
    <subfield code="t">e.2</subfield>
    <subfield code="w">2025-06-16</subfield>
    <subfield code="y">ISSUE</subfield>
    <subfield code="z">"&#xA1;Salve! Oh Padre de la Patria".</subfield>
  </datafield>
  <datafield tag="952" ind1=" " ind2=" ">
    <subfield code="0">0</subfield>
    <subfield code="1">0</subfield>
    <subfield code="2">ddc</subfield>
    <subfield code="4">0</subfield>
    <subfield code="5">6</subfield>
    <subfield code="7">0</subfield>
    <subfield code="8">SE</subfield>
    <subfield code="a">BNPHU</subfield>
    <subfield code="b">BNPHU</subfield>
    <subfield code="d">2025-06-16</subfield>
    <subfield code="h">No. 37, (enero-junio, 2018)</subfield>
    <subfield code="l">0</subfield>
    <subfield code="p">2025-5280</subfield>
    <subfield code="r">2025-06-16</subfield>
    <subfield code="t">e.1</subfield>
    <subfield code="w">2025-06-16</subfield>
    <subfield code="y">ISSUE</subfield>
    <subfield code="z">Este sitio debe ser respetado por todos.</subfield>
  </datafield>
  <datafield tag="952" ind1=" " ind2=" ">
    <subfield code="0">0</subfield>
    <subfield code="1">0</subfield>
    <subfield code="2">ddc</subfield>
    <subfield code="4">0</subfield>
    <subfield code="5">6</subfield>
    <subfield code="7">0</subfield>
    <subfield code="8">SE</subfield>
    <subfield code="a">BNPHU</subfield>
    <subfield code="b">BNPHU</subfield>
    <subfield code="d">2025-06-16</subfield>
    <subfield code="h">No. 37, (enero-junio, 2018)</subfield>
    <subfield code="l">0</subfield>
    <subfield code="p">2025-5281</subfield>
    <subfield code="r">2025-06-16</subfield>
    <subfield code="t">e.2</subfield>
    <subfield code="w">2025-06-16</subfield>
    <subfield code="y">ISSUE</subfield>
    <subfield code="z">Este sitio debe ser respetado por todos.</subfield>
  </datafield>
  <datafield tag="952" ind1=" " ind2=" ">
    <subfield code="0">0</subfield>
    <subfield code="1">0</subfield>
    <subfield code="2">ddc</subfield>
    <subfield code="4">0</subfield>
    <subfield code="5">6</subfield>
    <subfield code="7">0</subfield>
    <subfield code="8">SE</subfield>
    <subfield code="a">BNPHU</subfield>
    <subfield code="b">BNPHU</subfield>
    <subfield code="d">2025-06-16</subfield>
    <subfield code="h">No. 37, (enero-junio, 2018)</subfield>
    <subfield code="l">0</subfield>
    <subfield code="p">2025-5282</subfield>
    <subfield code="r">2025-06-16</subfield>
    <subfield code="t">e.3</subfield>
    <subfield code="w">2025-06-16</subfield>
    <subfield code="y">ISSUE</subfield>
    <subfield code="z">Este sitio debe ser respetado por todos.</subfield>
  </datafield>
  <datafield tag="952" ind1=" " ind2=" ">
    <subfield code="0">0</subfield>
    <subfield code="1">0</subfield>
    <subfield code="2">ddc</subfield>
    <subfield code="4">0</subfield>
    <subfield code="5">6</subfield>
    <subfield code="7">0</subfield>
    <subfield code="8">SE</subfield>
    <subfield code="a">BNPHU</subfield>
    <subfield code="b">BNPHU</subfield>
    <subfield code="d">2025-06-16</subfield>
    <subfield code="h">No. 38, (julio-diciembre, 2018)</subfield>
    <subfield code="l">0</subfield>
    <subfield code="p">2025-5283</subfield>
    <subfield code="r">2025-06-16</subfield>
    <subfield code="t">e.1</subfield>
    <subfield code="w">2025-06-16</subfield>
    <subfield code="y">ISSUE</subfield>
  </datafield>
  <datafield tag="952" ind1=" " ind2=" ">
    <subfield code="0">0</subfield>
    <subfield code="1">0</subfield>
    <subfield code="2">ddc</subfield>
    <subfield code="4">0</subfield>
    <subfield code="5">6</subfield>
    <subfield code="7">0</subfield>
    <subfield code="8">SE</subfield>
    <subfield code="a">BNPHU</subfield>
    <subfield code="b">BNPHU</subfield>
    <subfield code="d">2025-06-16</subfield>
    <subfield code="h">No. 38, (julio-diciembre, 2018)</subfield>
    <subfield code="l">0</subfield>
    <subfield code="p">2025-5284</subfield>
    <subfield code="r">2025-06-16</subfield>
    <subfield code="t">e.2</subfield>
    <subfield code="w">2025-06-16</subfield>
    <subfield code="y">ISSUE</subfield>
  </datafield>
  <datafield tag="952" ind1=" " ind2=" ">
    <subfield code="0">0</subfield>
    <subfield code="1">0</subfield>
    <subfield code="2">ddc</subfield>
    <subfield code="4">0</subfield>
    <subfield code="5">6</subfield>
    <subfield code="7">0</subfield>
    <subfield code="8">SE</subfield>
    <subfield code="a">BNPHU</subfield>
    <subfield code="b">BNPHU</subfield>
    <subfield code="d">2025-06-16</subfield>
    <subfield code="h">No. 38, (julio-diciembre, 2018)</subfield>
    <subfield code="l">0</subfield>
    <subfield code="p">2025-5285</subfield>
    <subfield code="r">2025-06-16</subfield>
    <subfield code="t">e.3</subfield>
    <subfield code="w">2025-06-16</subfield>
    <subfield code="y">ISSUE</subfield>
  </datafield>
  <datafield tag="952" ind1=" " ind2=" ">
    <subfield code="0">0</subfield>
    <subfield code="1">0</subfield>
    <subfield code="2">ddc</subfield>
    <subfield code="4">0</subfield>
    <subfield code="5">6</subfield>
    <subfield code="7">0</subfield>
    <subfield code="8">SE</subfield>
    <subfield code="a">BNPHU</subfield>
    <subfield code="b">BNPHU</subfield>
    <subfield code="d">2025-06-16</subfield>
    <subfield code="h">No. 38, (julio-diciembre, 2018)</subfield>
    <subfield code="l">0</subfield>
    <subfield code="p">2025-5286</subfield>
    <subfield code="r">2025-06-16</subfield>
    <subfield code="t">e.4</subfield>
    <subfield code="w">2025-06-16</subfield>
    <subfield code="y">ISSUE</subfield>
  </datafield>
  <datafield tag="952" ind1=" " ind2=" ">
    <subfield code="0">0</subfield>
    <subfield code="1">0</subfield>
    <subfield code="2">ddc</subfield>
    <subfield code="4">0</subfield>
    <subfield code="5">6</subfield>
    <subfield code="7">0</subfield>
    <subfield code="8">SE</subfield>
    <subfield code="a">BNPHU</subfield>
    <subfield code="b">BNPHU</subfield>
    <subfield code="d">2025-06-16</subfield>
    <subfield code="h">No. 37, (enero-junio, 2018)</subfield>
    <subfield code="l">0</subfield>
    <subfield code="p">2025-5287</subfield>
    <subfield code="r">2025-06-16</subfield>
    <subfield code="t">e.4</subfield>
    <subfield code="w">2025-06-16</subfield>
    <subfield code="y">ISSUE</subfield>
    <subfield code="z">Este sitio debe ser respetado por todos.</subfield>
  </datafield>
  <datafield tag="952" ind1=" " ind2=" ">
    <subfield code="0">0</subfield>
    <subfield code="1">0</subfield>
    <subfield code="2">ddc</subfield>
    <subfield code="4">0</subfield>
    <subfield code="5">6</subfield>
    <subfield code="7">0</subfield>
    <subfield code="8">SE</subfield>
    <subfield code="a">BNPHU</subfield>
    <subfield code="b">BNPHU</subfield>
    <subfield code="d">2025-06-16</subfield>
    <subfield code="h">No. 37, (enero-junio, 2018)</subfield>
    <subfield code="l">0</subfield>
    <subfield code="p">2025-5288</subfield>
    <subfield code="r">2025-06-16</subfield>
    <subfield code="t">e.5</subfield>
    <subfield code="w">2025-06-16</subfield>
    <subfield code="y">ISSUE</subfield>
    <subfield code="z">Este sitio debe ser respetado por todos.</subfield>
  </datafield>
  <datafield tag="952" ind1=" " ind2=" ">
    <subfield code="0">0</subfield>
    <subfield code="1">0</subfield>
    <subfield code="2">ddc</subfield>
    <subfield code="4">0</subfield>
    <subfield code="5">6</subfield>
    <subfield code="7">0</subfield>
    <subfield code="8">SE</subfield>
    <subfield code="a">BNPHU</subfield>
    <subfield code="b">BNPHU</subfield>
    <subfield code="d">2025-06-16</subfield>
    <subfield code="h">No. 39, (enero-junio, 2019)</subfield>
    <subfield code="l">0</subfield>
    <subfield code="p">2025-5289</subfield>
    <subfield code="r">2025-06-16</subfield>
    <subfield code="t">e.1</subfield>
    <subfield code="w">2025-06-16</subfield>
    <subfield code="y">ISSUE</subfield>
    <subfield code="z">Puerta de la Misericordia. Aqu&#xED; dispar&#xF3; Mella su trabucazo.</subfield>
  </datafield>
  <datafield tag="952" ind1=" " ind2=" ">
    <subfield code="0">0</subfield>
    <subfield code="1">0</subfield>
    <subfield code="2">ddc</subfield>
    <subfield code="4">0</subfield>
    <subfield code="5">6</subfield>
    <subfield code="7">0</subfield>
    <subfield code="8">SE</subfield>
    <subfield code="a">BNPHU</subfield>
    <subfield code="b">BNPHU</subfield>
    <subfield code="d">2025-06-16</subfield>
    <subfield code="h">No. 39, (enero-junio, 2019)</subfield>
    <subfield code="l">0</subfield>
    <subfield code="p">2025-5290</subfield>
    <subfield code="r">2025-06-16</subfield>
    <subfield code="t">e.2</subfield>
    <subfield code="w">2025-06-16</subfield>
    <subfield code="y">ISSUE</subfield>
    <subfield code="z">Puerta de la Misericordia. Aqu&#xED; dispar&#xF3; Mella su trabucazo.</subfield>
  </datafield>
  <datafield tag="952" ind1=" " ind2=" ">
    <subfield code="0">0</subfield>
    <subfield code="1">0</subfield>
    <subfield code="2">ddc</subfield>
    <subfield code="4">0</subfield>
    <subfield code="5">6</subfield>
    <subfield code="7">0</subfield>
    <subfield code="8">SE</subfield>
    <subfield code="a">BNPHU</subfield>
    <subfield code="b">BNPHU</subfield>
    <subfield code="d">2025-06-16</subfield>
    <subfield code="h">No. 39, (enero-junio, 2019)</subfield>
    <subfield code="l">0</subfield>
    <subfield code="p">2025-5291</subfield>
    <subfield code="r">2025-06-16</subfield>
    <subfield code="t">e.3</subfield>
    <subfield code="w">2025-06-16</subfield>
    <subfield code="y">ISSUE</subfield>
    <subfield code="z">Puerta de la Misericordia. Aqu&#xED; dispar&#xF3; Mella su trabucazo.</subfield>
  </datafield>
  <datafield tag="952" ind1=" " ind2=" ">
    <subfield code="0">0</subfield>
    <subfield code="1">0</subfield>
    <subfield code="2">ddc</subfield>
    <subfield code="4">0</subfield>
    <subfield code="5">6</subfield>
    <subfield code="7">0</subfield>
    <subfield code="8">SE</subfield>
    <subfield code="a">BNPHU</subfield>
    <subfield code="b">BNPHU</subfield>
    <subfield code="d">2025-06-16</subfield>
    <subfield code="h">No. 39, (enero-junio, 2019)</subfield>
    <subfield code="l">0</subfield>
    <subfield code="p">2025-5292</subfield>
    <subfield code="r">2025-06-16</subfield>
    <subfield code="t">e.4</subfield>
    <subfield code="w">2025-06-16</subfield>
    <subfield code="y">ISSUE</subfield>
    <subfield code="z">Puerta de la Misericordia. Aqu&#xED; dispar&#xF3; Mella su trabucazo.</subfield>
  </datafield>
  <datafield tag="952" ind1=" " ind2=" ">
    <subfield code="0">0</subfield>
    <subfield code="1">0</subfield>
    <subfield code="2">ddc</subfield>
    <subfield code="4">0</subfield>
    <subfield code="5">6</subfield>
    <subfield code="7">0</subfield>
    <subfield code="8">SE</subfield>
    <subfield code="a">BNPHU</subfield>
    <subfield code="b">BNPHU</subfield>
    <subfield code="d">2025-06-16</subfield>
    <subfield code="h">No. 39, (enero-junio, 2019)</subfield>
    <subfield code="l">0</subfield>
    <subfield code="p">2025-5293</subfield>
    <subfield code="r">2025-06-16</subfield>
    <subfield code="t">e.5</subfield>
    <subfield code="w">2025-06-16</subfield>
    <subfield code="y">ISSUE</subfield>
    <subfield code="z">Puerta de la Misericordia. Aqu&#xED; dispar&#xF3; Mella su trabucazo.</subfield>
  </datafield>
  <datafield tag="952" ind1=" " ind2=" ">
    <subfield code="0">0</subfield>
    <subfield code="1">0</subfield>
    <subfield code="2">ddc</subfield>
    <subfield code="4">0</subfield>
    <subfield code="5">6</subfield>
    <subfield code="7">0</subfield>
    <subfield code="8">SE</subfield>
    <subfield code="a">BNPHU</subfield>
    <subfield code="b">BNPHU</subfield>
    <subfield code="d">2025-06-16</subfield>
    <subfield code="h">No. 40, (julio-diciembre, 2019)</subfield>
    <subfield code="l">0</subfield>
    <subfield code="p">2025-5296</subfield>
    <subfield code="r">2025-06-16</subfield>
    <subfield code="t">e.1</subfield>
    <subfield code="w">2025-06-16</subfield>
    <subfield code="y">ISSUE</subfield>
    <subfield code="z">Puerta de San Diego. Por aqu&#xED; entr&#xF3; Duarte triunfalmente el 15 de marzo 1844.</subfield>
  </datafield>
  <datafield tag="952" ind1=" " ind2=" ">
    <subfield code="0">0</subfield>
    <subfield code="1">0</subfield>
    <subfield code="2">ddc</subfield>
    <subfield code="4">0</subfield>
    <subfield code="5">6</subfield>
    <subfield code="7">0</subfield>
    <subfield code="8">SE</subfield>
    <subfield code="a">BNPHU</subfield>
    <subfield code="b">BNPHU</subfield>
    <subfield code="d">2025-06-16</subfield>
    <subfield code="h">No. 40, (julio-diciembre, 2019)</subfield>
    <subfield code="l">0</subfield>
    <subfield code="p">2025-5297</subfield>
    <subfield code="r">2025-06-16</subfield>
    <subfield code="t">e.2</subfield>
    <subfield code="w">2025-06-16</subfield>
    <subfield code="y">ISSUE</subfield>
    <subfield code="z">Puerta de San Diego. Por aqu&#xED; entr&#xF3; Duarte triunfalmente el 15 de marzo 1844.</subfield>
  </datafield>
  <datafield tag="952" ind1=" " ind2=" ">
    <subfield code="0">0</subfield>
    <subfield code="1">0</subfield>
    <subfield code="2">ddc</subfield>
    <subfield code="4">0</subfield>
    <subfield code="5">6</subfield>
    <subfield code="7">0</subfield>
    <subfield code="8">SE</subfield>
    <subfield code="a">BNPHU</subfield>
    <subfield code="b">BNPHU</subfield>
    <subfield code="d">2025-06-16</subfield>
    <subfield code="h">No. 40, (julio-diciembre, 2019)</subfield>
    <subfield code="l">0</subfield>
    <subfield code="p">2025-5298</subfield>
    <subfield code="r">2025-06-16</subfield>
    <subfield code="t">e.3</subfield>
    <subfield code="w">2025-06-16</subfield>
    <subfield code="y">ISSUE</subfield>
    <subfield code="z">Puerta de San Diego. Por aqu&#xED; entr&#xF3; Duarte triunfalmente el 15 de marzo 1844.</subfield>
  </datafield>
  <datafield tag="952" ind1=" " ind2=" ">
    <subfield code="0">0</subfield>
    <subfield code="1">0</subfield>
    <subfield code="2">ddc</subfield>
    <subfield code="4">0</subfield>
    <subfield code="5">6</subfield>
    <subfield code="7">0</subfield>
    <subfield code="8">SE</subfield>
    <subfield code="a">BNPHU</subfield>
    <subfield code="b">BNPHU</subfield>
    <subfield code="d">2025-06-16</subfield>
    <subfield code="h">No. 40, (julio-diciembre, 2019)</subfield>
    <subfield code="l">0</subfield>
    <subfield code="p">2025-5299</subfield>
    <subfield code="r">2025-06-16</subfield>
    <subfield code="t">e.4</subfield>
    <subfield code="w">2025-06-16</subfield>
    <subfield code="y">ISSUE</subfield>
    <subfield code="z">Puerta de San Diego. Por aqu&#xED; entr&#xF3; Duarte triunfalmente el 15 de marzo 1844.</subfield>
  </datafield>
  <datafield tag="952" ind1=" " ind2=" ">
    <subfield code="0">0</subfield>
    <subfield code="1">0</subfield>
    <subfield code="2">ddc</subfield>
    <subfield code="4">0</subfield>
    <subfield code="5">6</subfield>
    <subfield code="7">0</subfield>
    <subfield code="8">SE</subfield>
    <subfield code="a">BNPHU</subfield>
    <subfield code="b">BNPHU</subfield>
    <subfield code="d">2025-06-16</subfield>
    <subfield code="h">No. 41, (enero-junio, 2020)</subfield>
    <subfield code="l">0</subfield>
    <subfield code="p">2025-5300</subfield>
    <subfield code="r">2025-06-16</subfield>
    <subfield code="t">e.1</subfield>
    <subfield code="w">2025-06-16</subfield>
    <subfield code="y">ISSUE</subfield>
    <subfield code="z">Rosa Duarte D&#xED;ez hermana predilecta de Juan Pablo.</subfield>
  </datafield>
  <datafield tag="952" ind1=" " ind2=" ">
    <subfield code="0">0</subfield>
    <subfield code="1">0</subfield>
    <subfield code="2">ddc</subfield>
    <subfield code="4">0</subfield>
    <subfield code="5">6</subfield>
    <subfield code="7">0</subfield>
    <subfield code="8">SE</subfield>
    <subfield code="a">BNPHU</subfield>
    <subfield code="b">BNPHU</subfield>
    <subfield code="d">2025-06-16</subfield>
    <subfield code="h">No. 41, (enero-junio, 2020)</subfield>
    <subfield code="l">0</subfield>
    <subfield code="p">2025-5301</subfield>
    <subfield code="r">2025-06-16</subfield>
    <subfield code="t">e.2</subfield>
    <subfield code="w">2025-06-16</subfield>
    <subfield code="y">ISSUE</subfield>
    <subfield code="z">Rosa Duarte D&#xED;ez hermana predilecta de Juan Pablo.</subfield>
  </datafield>
  <datafield tag="952" ind1=" " ind2=" ">
    <subfield code="0">0</subfield>
    <subfield code="1">0</subfield>
    <subfield code="2">ddc</subfield>
    <subfield code="4">0</subfield>
    <subfield code="5">6</subfield>
    <subfield code="7">0</subfield>
    <subfield code="8">SE</subfield>
    <subfield code="a">BNPHU</subfield>
    <subfield code="b">BNPHU</subfield>
    <subfield code="d">2025-06-16</subfield>
    <subfield code="h">No. 43, (enero-julio, 2021)</subfield>
    <subfield code="l">0</subfield>
    <subfield code="p">2025-5302</subfield>
    <subfield code="r">2025-06-16</subfield>
    <subfield code="t">e.1</subfield>
    <subfield code="w">2025-06-16</subfield>
    <subfield code="y">ISSUE</subfield>
  </datafield>
  <datafield tag="952" ind1=" " ind2=" ">
    <subfield code="0">0</subfield>
    <subfield code="1">0</subfield>
    <subfield code="2">ddc</subfield>
    <subfield code="4">0</subfield>
    <subfield code="5">6</subfield>
    <subfield code="7">0</subfield>
    <subfield code="8">SE</subfield>
    <subfield code="a">BNPHU</subfield>
    <subfield code="b">BNPHU</subfield>
    <subfield code="d">2025-06-16</subfield>
    <subfield code="h">No. 44, (julio-diciembre, 2021)</subfield>
    <subfield code="l">0</subfield>
    <subfield code="p">2025-5304</subfield>
    <subfield code="r">2025-06-16</subfield>
    <subfield code="t">e.1</subfield>
    <subfield code="w">2025-06-16</subfield>
    <subfield code="y">ISSUE</subfield>
  </datafield>
  <datafield tag="952" ind1=" " ind2=" ">
    <subfield code="0">0</subfield>
    <subfield code="1">0</subfield>
    <subfield code="2">ddc</subfield>
    <subfield code="4">0</subfield>
    <subfield code="5">6</subfield>
    <subfield code="7">0</subfield>
    <subfield code="8">SE</subfield>
    <subfield code="a">BNPHU</subfield>
    <subfield code="b">BNPHU</subfield>
    <subfield code="d">2025-06-16</subfield>
    <subfield code="h">No. 44, (julio-diciembre, 2021)</subfield>
    <subfield code="l">0</subfield>
    <subfield code="p">2025-5305</subfield>
    <subfield code="r">2025-06-16</subfield>
    <subfield code="t">e.2</subfield>
    <subfield code="w">2025-06-16</subfield>
    <subfield code="y">ISSUE</subfield>
  </datafield>
  <datafield tag="952" ind1=" " ind2=" ">
    <subfield code="0">0</subfield>
    <subfield code="1">0</subfield>
    <subfield code="2">ddc</subfield>
    <subfield code="4">0</subfield>
    <subfield code="5">6</subfield>
    <subfield code="7">0</subfield>
    <subfield code="8">SE</subfield>
    <subfield code="a">BNPHU</subfield>
    <subfield code="b">BNPHU</subfield>
    <subfield code="d">2025-06-16</subfield>
    <subfield code="h">No. 44, (julio-diciembre, 2021)</subfield>
    <subfield code="l">0</subfield>
    <subfield code="p">2025-5306</subfield>
    <subfield code="r">2025-06-16</subfield>
    <subfield code="t">e.3</subfield>
    <subfield code="w">2025-06-16</subfield>
    <subfield code="y">ISSUE</subfield>
  </datafield>
  <datafield tag="952" ind1=" " ind2=" ">
    <subfield code="0">0</subfield>
    <subfield code="1">0</subfield>
    <subfield code="2">ddc</subfield>
    <subfield code="4">0</subfield>
    <subfield code="5">6</subfield>
    <subfield code="7">0</subfield>
    <subfield code="8">SE</subfield>
    <subfield code="a">BNPHU</subfield>
    <subfield code="b">BNPHU</subfield>
    <subfield code="d">2025-06-16</subfield>
    <subfield code="h">No. 44, (julio-diciembre, 2021)</subfield>
    <subfield code="l">0</subfield>
    <subfield code="p">2025-5307</subfield>
    <subfield code="r">2025-06-16</subfield>
    <subfield code="t">e.4</subfield>
    <subfield code="w">2025-06-16</subfield>
    <subfield code="y">ISSUE</subfield>
  </datafield>
  <datafield tag="952" ind1=" " ind2=" ">
    <subfield code="0">0</subfield>
    <subfield code="1">0</subfield>
    <subfield code="2">ddc</subfield>
    <subfield code="4">0</subfield>
    <subfield code="5">6</subfield>
    <subfield code="7">0</subfield>
    <subfield code="8">SE</subfield>
    <subfield code="a">BNPHU</subfield>
    <subfield code="b">BNPHU</subfield>
    <subfield code="d">2025-06-16</subfield>
    <subfield code="h">No. 45, (enero-junio, 2022)</subfield>
    <subfield code="l">0</subfield>
    <subfield code="p">2025-5308</subfield>
    <subfield code="r">2025-06-16</subfield>
    <subfield code="t">e.1</subfield>
    <subfield code="w">2025-06-16</subfield>
    <subfield code="y">ISSUE</subfield>
    <subfield code="z">200 a&#xF1;os de la Invasi&#xF3;n Militar Haitiana.</subfield>
  </datafield>
  <datafield tag="952" ind1=" " ind2=" ">
    <subfield code="0">0</subfield>
    <subfield code="1">0</subfield>
    <subfield code="2">ddc</subfield>
    <subfield code="4">0</subfield>
    <subfield code="5">6</subfield>
    <subfield code="7">0</subfield>
    <subfield code="8">SE</subfield>
    <subfield code="a">BNPHU</subfield>
    <subfield code="b">BNPHU</subfield>
    <subfield code="d">2025-06-16</subfield>
    <subfield code="h">No. 45, (enero-junio, 2022)</subfield>
    <subfield code="l">0</subfield>
    <subfield code="p">2025-5309</subfield>
    <subfield code="r">2025-06-16</subfield>
    <subfield code="t">e.2</subfield>
    <subfield code="w">2025-06-16</subfield>
    <subfield code="y">ISSUE</subfield>
    <subfield code="z">200 a&#xF1;os de la Invasi&#xF3;n Militar Haitiana.</subfield>
  </datafield>
  <datafield tag="952" ind1=" " ind2=" ">
    <subfield code="0">0</subfield>
    <subfield code="1">0</subfield>
    <subfield code="2">ddc</subfield>
    <subfield code="4">0</subfield>
    <subfield code="5">6</subfield>
    <subfield code="7">0</subfield>
    <subfield code="8">SE</subfield>
    <subfield code="a">BNPHU</subfield>
    <subfield code="b">BNPHU</subfield>
    <subfield code="d">2025-06-16</subfield>
    <subfield code="h">No. 45, (enero-junio, 2022)</subfield>
    <subfield code="l">0</subfield>
    <subfield code="p">2025-5310</subfield>
    <subfield code="r">2025-06-16</subfield>
    <subfield code="t">e.3</subfield>
    <subfield code="w">2025-06-16</subfield>
    <subfield code="y">ISSUE</subfield>
    <subfield code="z">200 a&#xF1;os de la Invasi&#xF3;n Militar Haitiana.</subfield>
  </datafield>
  <datafield tag="952" ind1=" " ind2=" ">
    <subfield code="0">0</subfield>
    <subfield code="1">0</subfield>
    <subfield code="2">ddc</subfield>
    <subfield code="4">0</subfield>
    <subfield code="5">6</subfield>
    <subfield code="7">0</subfield>
    <subfield code="8">SE</subfield>
    <subfield code="a">BNPHU</subfield>
    <subfield code="b">BNPHU</subfield>
    <subfield code="d">2025-06-16</subfield>
    <subfield code="h">No. 46, (julio-diciembre, 2022)</subfield>
    <subfield code="l">0</subfield>
    <subfield code="p">2025-5311</subfield>
    <subfield code="r">2025-06-16</subfield>
    <subfield code="t">e.1</subfield>
    <subfield code="w">2025-06-16</subfield>
    <subfield code="y">ISSUE</subfield>
    <subfield code="z">Hero&#xED;nas de la Patria.</subfield>
  </datafield>
  <datafield tag="952" ind1=" " ind2=" ">
    <subfield code="0">0</subfield>
    <subfield code="1">0</subfield>
    <subfield code="2">ddc</subfield>
    <subfield code="4">0</subfield>
    <subfield code="5">6</subfield>
    <subfield code="7">0</subfield>
    <subfield code="8">SE</subfield>
    <subfield code="a">BNPHU</subfield>
    <subfield code="b">BNPHU</subfield>
    <subfield code="d">2025-06-16</subfield>
    <subfield code="h">No. 46, (julio-diciembre, 2022)</subfield>
    <subfield code="l">0</subfield>
    <subfield code="p">2025-5312</subfield>
    <subfield code="r">2025-06-16</subfield>
    <subfield code="t">e.2</subfield>
    <subfield code="w">2025-06-16</subfield>
    <subfield code="y">ISSUE</subfield>
    <subfield code="z">Hero&#xED;nas de la Patria.</subfield>
  </datafield>
  <datafield tag="952" ind1=" " ind2=" ">
    <subfield code="0">0</subfield>
    <subfield code="1">0</subfield>
    <subfield code="2">ddc</subfield>
    <subfield code="4">0</subfield>
    <subfield code="5">6</subfield>
    <subfield code="7">0</subfield>
    <subfield code="8">SE</subfield>
    <subfield code="a">BNPHU</subfield>
    <subfield code="b">BNPHU</subfield>
    <subfield code="d">2025-06-16</subfield>
    <subfield code="h">No. 46, (julio-diciembre, 2022)</subfield>
    <subfield code="l">0</subfield>
    <subfield code="p">2025-5313</subfield>
    <subfield code="r">2025-06-16</subfield>
    <subfield code="t">e.3</subfield>
    <subfield code="w">2025-06-16</subfield>
    <subfield code="y">ISSUE</subfield>
    <subfield code="z">Hero&#xED;nas de la Patria.</subfield>
  </datafield>
  <datafield tag="952" ind1=" " ind2=" ">
    <subfield code="0">0</subfield>
    <subfield code="1">0</subfield>
    <subfield code="2">ddc</subfield>
    <subfield code="4">0</subfield>
    <subfield code="5">6</subfield>
    <subfield code="7">0</subfield>
    <subfield code="8">SE</subfield>
    <subfield code="a">BNPHU</subfield>
    <subfield code="b">BNPHU</subfield>
    <subfield code="d">2025-06-16</subfield>
    <subfield code="h">No. 47, (enero-junio, 2023)</subfield>
    <subfield code="l">0</subfield>
    <subfield code="p">2025-5314</subfield>
    <subfield code="r">2025-06-16</subfield>
    <subfield code="t">e.1</subfield>
    <subfield code="w">2025-06-16</subfield>
    <subfield code="y">ISSUE</subfield>
    <subfield code="z">Obra pict&#xF3;rica del artista Miguel N&#xFA;&#xF1;ez, la cual recrea el convento de San Jacinto, ubicado a pocos motivos de la casa de la familia Duarte Diez, en Caracas, Venezuela. </subfield>
  </datafield>
  <datafield tag="952" ind1=" " ind2=" ">
    <subfield code="0">0</subfield>
    <subfield code="1">0</subfield>
    <subfield code="2">ddc</subfield>
    <subfield code="4">0</subfield>
    <subfield code="5">6</subfield>
    <subfield code="7">0</subfield>
    <subfield code="8">SE</subfield>
    <subfield code="a">BNPHU</subfield>
    <subfield code="b">BNPHU</subfield>
    <subfield code="d">2025-06-16</subfield>
    <subfield code="h">No. 47, (enero-junio, 2023)</subfield>
    <subfield code="l">0</subfield>
    <subfield code="p">2025-5315</subfield>
    <subfield code="r">2025-06-16</subfield>
    <subfield code="t">e.2</subfield>
    <subfield code="w">2025-06-16</subfield>
    <subfield code="y">ISSUE</subfield>
    <subfield code="z">Obra pict&#xF3;rica del artista Miguel N&#xFA;&#xF1;ez, la cual recrea el convento de San Jacinto, ubicado a pocos motivos de la casa de la familia Duarte Diez, en Caracas, Venezuela. </subfield>
  </datafield>
  <datafield tag="952" ind1=" " ind2=" ">
    <subfield code="0">0</subfield>
    <subfield code="1">0</subfield>
    <subfield code="2">ddc</subfield>
    <subfield code="4">0</subfield>
    <subfield code="5">6</subfield>
    <subfield code="7">0</subfield>
    <subfield code="8">SE</subfield>
    <subfield code="a">BNPHU</subfield>
    <subfield code="b">BNPHU</subfield>
    <subfield code="d">2025-06-16</subfield>
    <subfield code="h">No. 47, (enero-junio, 2023)</subfield>
    <subfield code="l">0</subfield>
    <subfield code="p">2025-5316</subfield>
    <subfield code="r">2025-06-16</subfield>
    <subfield code="t">e.3</subfield>
    <subfield code="w">2025-06-16</subfield>
    <subfield code="y">ISSUE</subfield>
    <subfield code="z">Obra pict&#xF3;rica del artista Miguel N&#xFA;&#xF1;ez, la cual recrea el convento de San Jacinto, ubicado a pocos motivos de la casa de la familia Duarte Diez, en Caracas, Venezuela. </subfield>
  </datafield>
  <datafield tag="952" ind1=" " ind2=" ">
    <subfield code="0">0</subfield>
    <subfield code="1">0</subfield>
    <subfield code="2">ddc</subfield>
    <subfield code="4">0</subfield>
    <subfield code="5">6</subfield>
    <subfield code="7">0</subfield>
    <subfield code="8">SE</subfield>
    <subfield code="a">BNPHU</subfield>
    <subfield code="b">BNPHU</subfield>
    <subfield code="d">2025-06-16</subfield>
    <subfield code="h">No. 48, (julio-diciembre, 2023)</subfield>
    <subfield code="l">0</subfield>
    <subfield code="p">2025-5317</subfield>
    <subfield code="r">2025-06-16</subfield>
    <subfield code="t">e.1</subfield>
    <subfield code="w">2025-06-16</subfield>
    <subfield code="y">ISSUE</subfield>
    <subfield code="z">60&#xB0; Aniversario de la Fundaci&#xF3;n del Instituto Duartiano.</subfield>
  </datafield>
  <datafield tag="952" ind1=" " ind2=" ">
    <subfield code="0">0</subfield>
    <subfield code="1">0</subfield>
    <subfield code="2">ddc</subfield>
    <subfield code="4">0</subfield>
    <subfield code="5">6</subfield>
    <subfield code="7">0</subfield>
    <subfield code="8">SE</subfield>
    <subfield code="a">BNPHU</subfield>
    <subfield code="b">BNPHU</subfield>
    <subfield code="d">2025-06-16</subfield>
    <subfield code="h">No. 48, (julio-diciembre, 2023)</subfield>
    <subfield code="l">0</subfield>
    <subfield code="p">2025-5318</subfield>
    <subfield code="r">2025-06-16</subfield>
    <subfield code="t">e.2</subfield>
    <subfield code="w">2025-06-16</subfield>
    <subfield code="y">ISSUE</subfield>
    <subfield code="z">60&#xB0; Aniversario de la Fundaci&#xF3;n del Instituto Duartiano.</subfield>
  </datafield>
  <datafield tag="952" ind1=" " ind2=" ">
    <subfield code="0">0</subfield>
    <subfield code="1">0</subfield>
    <subfield code="2">ddc</subfield>
    <subfield code="4">0</subfield>
    <subfield code="5">6</subfield>
    <subfield code="7">0</subfield>
    <subfield code="8">SE</subfield>
    <subfield code="a">BNPHU</subfield>
    <subfield code="b">BNPHU</subfield>
    <subfield code="d">2025-06-16</subfield>
    <subfield code="h">No. 50, (julio-diciembre, 2024)</subfield>
    <subfield code="l">0</subfield>
    <subfield code="p">2025-5319</subfield>
    <subfield code="r">2025-06-16</subfield>
    <subfield code="t">e.1</subfield>
    <subfield code="w">2025-06-16</subfield>
    <subfield code="y">ISSUE</subfield>
    <subfield code="z">General Juan Pablo Duarte D&#xED;ez.</subfield>
  </datafield>
  <datafield tag="952" ind1=" " ind2=" ">
    <subfield code="0">0</subfield>
    <subfield code="1">0</subfield>
    <subfield code="2">ddc</subfield>
    <subfield code="4">0</subfield>
    <subfield code="5">6</subfield>
    <subfield code="7">0</subfield>
    <subfield code="8">SE</subfield>
    <subfield code="a">BNPHU</subfield>
    <subfield code="b">BNPHU</subfield>
    <subfield code="d">2025-06-16</subfield>
    <subfield code="h">No. 50, (julio-diciembre, 2024)</subfield>
    <subfield code="l">0</subfield>
    <subfield code="p">2025-5321</subfield>
    <subfield code="r">2025-06-16</subfield>
    <subfield code="t">e.2</subfield>
    <subfield code="w">2025-06-16</subfield>
    <subfield code="y">ISSUE</subfield>
    <subfield code="z">General Juan Pablo Duarte D&#xED;ez.</subfield>
  </datafield>
  <datafield tag="952" ind1=" " ind2=" ">
    <subfield code="0">0</subfield>
    <subfield code="1">0</subfield>
    <subfield code="2">ddc</subfield>
    <subfield code="4">0</subfield>
    <subfield code="5">6</subfield>
    <subfield code="7">0</subfield>
    <subfield code="8">SE</subfield>
    <subfield code="a">BNPHU</subfield>
    <subfield code="b">BNPHU</subfield>
    <subfield code="d">2025-07-21</subfield>
    <subfield code="h">A&#xF1;o.2: no. 6, (octubre/diciembre, 1970)</subfield>
    <subfield code="l">0</subfield>
    <subfield code="p">2025-6802</subfield>
    <subfield code="r">2025-07-21</subfield>
    <subfield code="t">e.2</subfield>
    <subfield code="w">2025-07-21</subfield>
    <subfield code="y">ISSUE</subfield>
    <subfield code="z">Edici&#xF3;n especial.</subfield>
  </datafield>
  <datafield tag="952" ind1=" " ind2=" ">
    <subfield code="0">0</subfield>
    <subfield code="1">0</subfield>
    <subfield code="2">ddc</subfield>
    <subfield code="4">0</subfield>
    <subfield code="5">6</subfield>
    <subfield code="7">0</subfield>
    <subfield code="8">SE</subfield>
    <subfield code="a">BNPHU</subfield>
    <subfield code="b">BNPHU</subfield>
    <subfield code="d">2025-07-21</subfield>
    <subfield code="h">A&#xF1;o.4: no. 8, (enero/diciembre, 1972)</subfield>
    <subfield code="l">0</subfield>
    <subfield code="p">2025-6803</subfield>
    <subfield code="r">2025-07-21</subfield>
    <subfield code="t">e.1</subfield>
    <subfield code="w">2025-07-21</subfield>
    <subfield code="y">ISSUE</subfield>
  </datafield>
  <datafield tag="952" ind1=" " ind2=" ">
    <subfield code="0">0</subfield>
    <subfield code="1">0</subfield>
    <subfield code="2">ddc</subfield>
    <subfield code="4">0</subfield>
    <subfield code="5">6</subfield>
    <subfield code="7">0</subfield>
    <subfield code="8">SE</subfield>
    <subfield code="a">BNPHU</subfield>
    <subfield code="b">BNPHU</subfield>
    <subfield code="d">2025-07-21</subfield>
    <subfield code="h">A&#xF1;o.4: no. 8, (enero/diciembre, 1972)</subfield>
    <subfield code="l">0</subfield>
    <subfield code="p">2025-6804</subfield>
    <subfield code="r">2025-07-21</subfield>
    <subfield code="t">e.2</subfield>
    <subfield code="w">2025-07-21</subfield>
    <subfield code="y">ISSUE</subfield>
  </datafield>
  <datafield tag="952" ind1=" " ind2=" ">
    <subfield code="0">0</subfield>
    <subfield code="1">0</subfield>
    <subfield code="2">ddc</subfield>
    <subfield code="4">0</subfield>
    <subfield code="5">6</subfield>
    <subfield code="7">0</subfield>
    <subfield code="8">SE</subfield>
    <subfield code="a">BNPHU</subfield>
    <subfield code="b">BNPHU</subfield>
    <subfield code="d">2025-07-21</subfield>
    <subfield code="h">A&#xF1;o.6: no. 10, (enero/diciembre, 1974)</subfield>
    <subfield code="l">0</subfield>
    <subfield code="p">2025-6805</subfield>
    <subfield code="r">2025-07-21</subfield>
    <subfield code="t">e.1</subfield>
    <subfield code="w">2025-07-21</subfield>
    <subfield code="y">ISSUE</subfield>
  </datafield>
  <datafield tag="952" ind1=" " ind2=" ">
    <subfield code="0">0</subfield>
    <subfield code="1">0</subfield>
    <subfield code="2">ddc</subfield>
    <subfield code="4">0</subfield>
    <subfield code="5">6</subfield>
    <subfield code="7">0</subfield>
    <subfield code="8">SE</subfield>
    <subfield code="a">BNPHU</subfield>
    <subfield code="b">BNPHU</subfield>
    <subfield code="d">2025-07-21</subfield>
    <subfield code="h">A&#xF1;o.6: no. 10, (enero/diciembre, 1974)</subfield>
    <subfield code="l">0</subfield>
    <subfield code="p">2025-6806</subfield>
    <subfield code="r">2025-07-21</subfield>
    <subfield code="t">e.2</subfield>
    <subfield code="w">2025-07-21</subfield>
    <subfield code="y">ISSUE</subfield>
  </datafield>
  <datafield tag="952" ind1=" " ind2=" ">
    <subfield code="0">0</subfield>
    <subfield code="1">0</subfield>
    <subfield code="2">ddc</subfield>
    <subfield code="4">0</subfield>
    <subfield code="5">6</subfield>
    <subfield code="7">0</subfield>
    <subfield code="8">SE</subfield>
    <subfield code="a">BNPHU</subfield>
    <subfield code="b">BNPHU</subfield>
    <subfield code="d">2025-07-21</subfield>
    <subfield code="h">A&#xF1;o.6: no. 10, (enero/diciembre, 1974)</subfield>
    <subfield code="l">0</subfield>
    <subfield code="p">2025-6808</subfield>
    <subfield code="r">2025-07-21</subfield>
    <subfield code="t">e.3</subfield>
    <subfield code="w">2025-07-21</subfield>
    <subfield code="y">ISSUE</subfield>
  </datafield>
  <datafield tag="952" ind1=" " ind2=" ">
    <subfield code="0">0</subfield>
    <subfield code="1">0</subfield>
    <subfield code="2">ddc</subfield>
    <subfield code="4">0</subfield>
    <subfield code="5">6</subfield>
    <subfield code="7">0</subfield>
    <subfield code="8">SE</subfield>
    <subfield code="a">BNPHU</subfield>
    <subfield code="b">BNPHU</subfield>
    <subfield code="d">2025-07-21</subfield>
    <subfield code="h">A&#xF1;o.7: no. 12, (julio/diciembre, 1975)</subfield>
    <subfield code="l">0</subfield>
    <subfield code="p">2025-6809</subfield>
    <subfield code="r">2025-07-21</subfield>
    <subfield code="t">e.1</subfield>
    <subfield code="w">2025-07-21</subfield>
    <subfield code="y">ISSUE</subfield>
  </datafield>
  <datafield tag="952" ind1=" " ind2=" ">
    <subfield code="0">0</subfield>
    <subfield code="1">0</subfield>
    <subfield code="2">ddc</subfield>
    <subfield code="4">0</subfield>
    <subfield code="5">6</subfield>
    <subfield code="7">0</subfield>
    <subfield code="8">SE</subfield>
    <subfield code="a">BNPHU</subfield>
    <subfield code="b">BNPHU</subfield>
    <subfield code="d">2025-07-21</subfield>
    <subfield code="h">A&#xF1;o.7: no. 12, (julio/diciembre, 1975)</subfield>
    <subfield code="l">0</subfield>
    <subfield code="p">2025-6810</subfield>
    <subfield code="r">2025-07-21</subfield>
    <subfield code="t">e.2</subfield>
    <subfield code="w">2025-07-21</subfield>
    <subfield code="y">ISSUE</subfield>
  </datafield>
  <datafield tag="952" ind1=" " ind2=" ">
    <subfield code="0">0</subfield>
    <subfield code="1">0</subfield>
    <subfield code="2">ddc</subfield>
    <subfield code="4">0</subfield>
    <subfield code="5">6</subfield>
    <subfield code="7">0</subfield>
    <subfield code="8">SE</subfield>
    <subfield code="a">BNPHU</subfield>
    <subfield code="b">BNPHU</subfield>
    <subfield code="d">2025-07-21</subfield>
    <subfield code="h">A&#xF1;o.8: no. 13, (enero/junio, 1976)</subfield>
    <subfield code="l">0</subfield>
    <subfield code="p">2025-6811</subfield>
    <subfield code="r">2025-07-21</subfield>
    <subfield code="t">e.1</subfield>
    <subfield code="w">2025-07-21</subfield>
    <subfield code="y">ISSUE</subfield>
    <subfield code="z">A&#xF1;o de Duarte. Primer semestre.</subfield>
  </datafield>
  <datafield tag="952" ind1=" " ind2=" ">
    <subfield code="0">0</subfield>
    <subfield code="1">0</subfield>
    <subfield code="2">ddc</subfield>
    <subfield code="4">0</subfield>
    <subfield code="5">6</subfield>
    <subfield code="7">0</subfield>
    <subfield code="8">SE</subfield>
    <subfield code="a">BNPHU</subfield>
    <subfield code="b">BNPHU</subfield>
    <subfield code="d">2025-07-21</subfield>
    <subfield code="h">A&#xF1;o.8: no. 14, (junio/diciembre, 1976, enero/junio 1977)</subfield>
    <subfield code="l">0</subfield>
    <subfield code="p">2025-6813</subfield>
    <subfield code="r">2025-07-21</subfield>
    <subfield code="t">e.1</subfield>
    <subfield code="w">2025-07-21</subfield>
    <subfield code="y">ISSUE</subfield>
    <subfield code="z">A&#xF1;o de Duarte. </subfield>
  </datafield>
  <datafield tag="952" ind1=" " ind2=" ">
    <subfield code="0">0</subfield>
    <subfield code="1">0</subfield>
    <subfield code="2">ddc</subfield>
    <subfield code="4">0</subfield>
    <subfield code="5">6</subfield>
    <subfield code="7">0</subfield>
    <subfield code="8">SE</subfield>
    <subfield code="a">BNPHU</subfield>
    <subfield code="b">BNPHU</subfield>
    <subfield code="d">2025-07-21</subfield>
    <subfield code="h">A&#xF1;o.9: no. 15, (julio 1977/diciembre, 1978)</subfield>
    <subfield code="l">0</subfield>
    <subfield code="p">2025-6814</subfield>
    <subfield code="r">2025-07-21</subfield>
    <subfield code="t">e.1</subfield>
    <subfield code="w">2025-07-21</subfield>
    <subfield code="y">ISSUE</subfield>
  </datafield>
  <datafield tag="952" ind1=" " ind2=" ">
    <subfield code="0">0</subfield>
    <subfield code="1">0</subfield>
    <subfield code="2">ddc</subfield>
    <subfield code="4">0</subfield>
    <subfield code="5">6</subfield>
    <subfield code="7">0</subfield>
    <subfield code="8">SE</subfield>
    <subfield code="a">BNPHU</subfield>
    <subfield code="b">BNPHU</subfield>
    <subfield code="d">2025-07-21</subfield>
    <subfield code="h">A&#xF1;o.10: no.18, (agosto, 1983)</subfield>
    <subfield code="l">0</subfield>
    <subfield code="p">2025-6815</subfield>
    <subfield code="r">2025-07-21</subfield>
    <subfield code="t">e.2</subfield>
    <subfield code="w">2025-07-21</subfield>
    <subfield code="y">ISSUE</subfield>
  </datafield>
  <datafield tag="952" ind1=" " ind2=" ">
    <subfield code="0">0</subfield>
    <subfield code="1">0</subfield>
    <subfield code="2">ddc</subfield>
    <subfield code="4">0</subfield>
    <subfield code="5">6</subfield>
    <subfield code="7">0</subfield>
    <subfield code="8">SE</subfield>
    <subfield code="a">BNPHU</subfield>
    <subfield code="b">BNPHU</subfield>
    <subfield code="d">2026-02-10</subfield>
    <subfield code="h">A&#xF1;o.7: no.12, (julio-diciembre, 1975)</subfield>
    <subfield code="l">0</subfield>
    <subfield code="p">2026-0966</subfield>
    <subfield code="r">2026-02-10</subfield>
    <subfield code="t">e.3</subfield>
    <subfield code="w">2026-02-10</subfield>
    <subfield code="y">ISSUE</subfield>
    <subfield code="z">Donaci&#xF3;n de la biblioteca Prof. Enrique Patin Veloz.</subfield>
  </datafield>
  <datafield tag="952" ind1=" " ind2=" ">
    <subfield code="0">0</subfield>
    <subfield code="1">0</subfield>
    <subfield code="2">ddc</subfield>
    <subfield code="4">0</subfield>
    <subfield code="5">6</subfield>
    <subfield code="7">0</subfield>
    <subfield code="8">SE</subfield>
    <subfield code="a">BNPHU</subfield>
    <subfield code="b">BNPHU</subfield>
    <subfield code="d">2026-02-10</subfield>
    <subfield code="h">A&#xF1;o.7: no.12, (julio-diciembre, 1975)</subfield>
    <subfield code="l">0</subfield>
    <subfield code="p">2026-0967</subfield>
    <subfield code="r">2026-02-10</subfield>
    <subfield code="t">e.4</subfield>
    <subfield code="w">2026-02-10</subfield>
    <subfield code="y">ISSUE</subfield>
    <subfield code="z">Donado por la UNPHU..</subfield>
  </datafield>
  <datafield tag="952" ind1=" " ind2=" ">
    <subfield code="0">0</subfield>
    <subfield code="1">0</subfield>
    <subfield code="2">ddc</subfield>
    <subfield code="4">0</subfield>
    <subfield code="5">6</subfield>
    <subfield code="7">0</subfield>
    <subfield code="8">SE</subfield>
    <subfield code="a">BNPHU</subfield>
    <subfield code="b">BNPHU</subfield>
    <subfield code="d">2026-02-10</subfield>
    <subfield code="h">A&#xF1;o.6: no. 10, (enero/diciembre, 1974)</subfield>
    <subfield code="l">0</subfield>
    <subfield code="p">2026-0968</subfield>
    <subfield code="r">2026-02-10</subfield>
    <subfield code="t">e.4</subfield>
    <subfield code="w">2026-02-10</subfield>
    <subfield code="y">ISSUE</subfield>
    <subfield code="z">Donado por la UNPHU..</subfield>
  </datafield>
  <datafield tag="952" ind1=" " ind2=" ">
    <subfield code="0">0</subfield>
    <subfield code="1">0</subfield>
    <subfield code="2">ddc</subfield>
    <subfield code="4">0</subfield>
    <subfield code="5">6</subfield>
    <subfield code="7">0</subfield>
    <subfield code="8">SE</subfield>
    <subfield code="a">BNPHU</subfield>
    <subfield code="b">BNPHU</subfield>
    <subfield code="d">2026-02-10</subfield>
    <subfield code="h">A&#xF1;o.6: no. 10, (enero/diciembre, 1974)</subfield>
    <subfield code="l">0</subfield>
    <subfield code="p">2026-0969</subfield>
    <subfield code="r">2026-02-10</subfield>
    <subfield code="t">e.5</subfield>
    <subfield code="w">2026-02-10</subfield>
    <subfield code="y">ISSUE</subfield>
    <subfield code="z">Donado por la UNPHU..</subfield>
  </datafield>
  <datafield tag="952" ind1=" " ind2=" ">
    <subfield code="0">0</subfield>
    <subfield code="1">0</subfield>
    <subfield code="2">ddc</subfield>
    <subfield code="4">0</subfield>
    <subfield code="5">6</subfield>
    <subfield code="7">0</subfield>
    <subfield code="8">SE</subfield>
    <subfield code="a">BNPHU</subfield>
    <subfield code="b">BNPHU</subfield>
    <subfield code="d">2026-02-10</subfield>
    <subfield code="h">A&#xF1;o.8: no. 13, (enero/junio, 1976)	</subfield>
    <subfield code="l">0</subfield>
    <subfield code="p">2026-0970</subfield>
    <subfield code="r">2026-02-10</subfield>
    <subfield code="t">e.3</subfield>
    <subfield code="w">2026-02-10</subfield>
    <subfield code="y">ISSUE</subfield>
    <subfield code="z">Donado por la UNPHU..</subfield>
  </datafield>
  <datafield tag="952" ind1=" " ind2=" ">
    <subfield code="0">0</subfield>
    <subfield code="1">0</subfield>
    <subfield code="2">ddc</subfield>
    <subfield code="4">0</subfield>
    <subfield code="5">6</subfield>
    <subfield code="7">0</subfield>
    <subfield code="8">SE</subfield>
    <subfield code="a">BNPHU</subfield>
    <subfield code="b">BNPHU</subfield>
    <subfield code="d">2026-02-10</subfield>
    <subfield code="h">A&#xF1;o.8: no. 13, (enero/junio, 1976)	</subfield>
    <subfield code="l">0</subfield>
    <subfield code="p">2026-0971</subfield>
    <subfield code="r">2026-02-10</subfield>
    <subfield code="t">e.4</subfield>
    <subfield code="w">2026-02-10</subfield>
    <subfield code="y">ISSUE</subfield>
    <subfield code="z">Donaci&#xF3;n de la biblioteca del Prof. Enriquez Pat&#xED;n Veloz.</subfield>
  </datafield>
  <datafield tag="952" ind1=" " ind2=" ">
    <subfield code="0">0</subfield>
    <subfield code="1">0</subfield>
    <subfield code="2">ddc</subfield>
    <subfield code="4">0</subfield>
    <subfield code="5">6</subfield>
    <subfield code="7">0</subfield>
    <subfield code="8">SE</subfield>
    <subfield code="a">BNPHU</subfield>
    <subfield code="b">BNPHU</subfield>
    <subfield code="d">2026-02-10</subfield>
    <subfield code="h">A&#xF1;o.8: no. 14, (junio-diciembre, 1976 enero-junio 1977)	</subfield>
    <subfield code="l">0</subfield>
    <subfield code="p">2026-0972</subfield>
    <subfield code="r">2026-02-10</subfield>
    <subfield code="t">e.1</subfield>
    <subfield code="w">2026-02-10</subfield>
    <subfield code="y">ISSUE</subfield>
    <subfield code="z">Donado por UNPHU.</subfield>
  </datafield>
  <datafield tag="952" ind1=" " ind2=" ">
    <subfield code="0">0</subfield>
    <subfield code="1">0</subfield>
    <subfield code="2">ddc</subfield>
    <subfield code="4">0</subfield>
    <subfield code="5">6</subfield>
    <subfield code="7">0</subfield>
    <subfield code="8">SE</subfield>
    <subfield code="a">BNPHU</subfield>
    <subfield code="b">BNPHU</subfield>
    <subfield code="d">2026-02-10</subfield>
    <subfield code="h">A&#xF1;o.9: no. 17, (diciembre, 1982)	</subfield>
    <subfield code="l">0</subfield>
    <subfield code="p">2026-0973</subfield>
    <subfield code="r">2026-02-10</subfield>
    <subfield code="t">e.3</subfield>
    <subfield code="w">2026-02-10</subfield>
    <subfield code="y">ISSUE</subfield>
  </datafield>
  <datafield tag="952" ind1=" " ind2=" ">
    <subfield code="0">0</subfield>
    <subfield code="1">0</subfield>
    <subfield code="2">ddc</subfield>
    <subfield code="4">0</subfield>
    <subfield code="5">6</subfield>
    <subfield code="7">0</subfield>
    <subfield code="8">SE</subfield>
    <subfield code="a">BNPHU</subfield>
    <subfield code="b">BNPHU</subfield>
    <subfield code="d">2026-02-10</subfield>
    <subfield code="h">A&#xF1;o.9: no. 17, (diciembre, 1982)	</subfield>
    <subfield code="l">0</subfield>
    <subfield code="p">2026-0974</subfield>
    <subfield code="r">2026-02-10</subfield>
    <subfield code="t">e.4</subfield>
    <subfield code="w">2026-02-10</subfield>
    <subfield code="y">ISSUE</subfield>
  </datafield>
  <datafield tag="952" ind1=" " ind2=" ">
    <subfield code="0">0</subfield>
    <subfield code="1">0</subfield>
    <subfield code="2">ddc</subfield>
    <subfield code="4">0</subfield>
    <subfield code="5">6</subfield>
    <subfield code="7">0</subfield>
    <subfield code="8">SE</subfield>
    <subfield code="a">BNPHU</subfield>
    <subfield code="b">BNPHU</subfield>
    <subfield code="d">2026-05-22</subfield>
    <subfield code="h">  A&#xF1;o.10: no.18, (agosto, 1983)</subfield>
    <subfield code="l">0</subfield>
    <subfield code="p">2026-4478</subfield>
    <subfield code="r">2026-05-22</subfield>
    <subfield code="t">e.2</subfield>
    <subfield code="w">2026-05-22</subfield>
    <subfield code="y">ISSUE</subfield>
    <subfield code="z">Disponible para consulta en Hemeroteca.</subfield>
  </datafield>
  <datafield tag="999" ind1=" " ind2=" ">
    <subfield code="c">37051</subfield>
    <subfield code="d">37051</subfield>
  </datafield>
</record>
